Statistics for Radio 2 Top 2000 2019 (NL)

Click here to take the quiz!

General Stats

  • This quiz has been taken 13 times
  • The average score is 192 of 2000

Answer Stats

Nr.TitleArtistYear% Correct
11AfricaToto1982
100%
1Bohemian RhapsodyQueen1975
100%
2Hotel CaliforniaEagles1977
100%
5Stairway To HeavenLed Zeppelin1971
100%
6AvondBoudewijn de Groot1997
90%
29ImagineJohn Lennon1971
90%
1614PaDoe Maar1983
90%
3Piano ManBilly Joel1974
90%
4Roller CoasterDanny Vera2019
90%
742ThunderImagine Dragons2017
90%
7BlackPearl Jam1992
80%
80ClocksColdplay2003
80%
8Fix YouColdplay2005
80%
21OneMetallica1994
80%
188OneMary J Blige & U22006
80%
57OneU21992
80%
1587OneJohnny Cash2000
80%
129YellowColdplay2000
80%
160ArcadeDuncan Laurence2019
70%
50BrabantGuus Meeuwis2003
70%
270DuPeter Maffay1971
70%
27HeroesDavid Bowie1976
70%
15Nothing Else MattersMetallica1992
70%
34OceaanRacoon2012
70%
70PapaStef Bos1991
70%
24Purple RainPrince & The Revolution1984
70%
23Radar LoveGolden Earring1973
70%
18The Sound Of SilenceDisturbed2016
70%
28The Sound Of SilenceSimon & Garfunkel1966
70%
36Viva La VidaColdplay2008
70%
905YouTen Sharp1991
70%
51ZoutelandeBløf ft. Geike2017
70%
58Back To BlackAmy Winehouse2007
60%
507BirdsAnouk2013
60%
68Dancing QueenABBA1976
60%
272DreamsFleetwood Mac1977
60%
43Go Your Own WayFleetwood Mac1977
60%
213HelloAdele2015
60%
1082HelloLionel Richie1984
60%
25Het DorpWim Sonneveld1974
60%
72Hey JudeThe Beatles1968
60%
851HumanThe Killers2008
60%
451HumanRag'n'Bone Man2016
60%
31HurtJohnny Cash2002
60%
1016HurtChristina Aguilera2006
60%
53Let It BeThe Beatles1970
60%
13Love Of My LifeQueen1975
60%
38Mag Ik Dan Bij JouClaudia de Breij2011
60%
455ParadiseColdplay2011
60%
498RoodMarco Borsato2006
60%
45ShallowLady Gaga & Bradley Cooper2018
60%
37Smells Like Teen SpiritNirvana1991
60%
164SterrenstofDe Jeugd Van Tegenwoordig2010
60%
191ThrillerMichael Jackson1983
60%
120WonderwallOasis1995
60%
1025All I WantKodaline2012
50%
89AngelsRobbie Williams1998
50%
90AngieThe Rolling Stones1973
50%
1290BadMichael Jackson1987
50%
196BadU21984
50%
724BenMichael Jackson1972
50%
130Billie JeanMichael Jackson1983
50%
138Bloed Zweet En TranenAndré Hazes2002
50%
82Bridge Over Troubled WaterSimon & Garfunkel1970
50%
17Brothers In ArmsDire Straits1985
50%
976Chasing PavementsAdele2008
50%
12Child In TimeDeep Purple1970
50%
9De Boer Dat Is De KeerlNormaal1993
50%
96DochtersMarco Borsato2008
50%
1676Don't Look BackBoston1978
50%
142Don't Look Back In AngerOasis1996
50%
132Du HastRammstein1997
50%
144Duurt Te LangDavina Michelle2018
50%
183HallelujahJeff Buckley1994
50%
789HallelujahLisa Lois2009
50%
124HallelujahLeonard Cohen1984
50%
474HappyPharrell Williams2013
50%
108Het Regent ZonnestralenAcda & De Munnik1998
50%
345IrisThe Goo Goo Dolls1999
50%
158JeremyPearl Jam1991
50%
113Kleine JongenAndré Hazes1990
50%
93Laat MeRamses Shaffy1978
50%
280Laat Me/VivreAlderliefste & Ramses Shaffy & Liesbeth List2005
50%
332Last ChristmasWham!1984
50%
179LeefAndré Hazes Jr.2016
50%
125Nobody's WifeAnouk1997
50%
249NumbLinkin Park2003
50%
590Numb/EncoreLinkin Park & Jay-Z2004
50%
30Over De MuurKlein Orkest1984
50%
35Paradise By The Dashboard LightMeat Loaf1978
50%
564RehabAmy Winehouse2006
50%
159Rolling In The DeepAdele2010
50%
170SeptemberEarth, Wind & Fire1979
50%
287StreetsKensington2014
50%
91Tears In HeavenEric Clapton1992
50%
588The A TeamEd Sheeran2011
50%
19The RiverBruce Springsteen1981
50%
46The ScientistColdplay2002
50%
20ThunderstruckAC/DC1990
50%
54Under PressureQueen & David Bowie1981
50%
78Under The BridgeRed Hot Chili Peppers1991
50%
357ValerieMark Ronson ft. Amy Winehouse2007
50%
251We Are The ChampionsQueen1977
50%
137We Will Rock YouQueen1977
50%
815Afscheid Nemen Bestaat NietMarco Borsato2003
40%
69Another Brick In The WallPink Floyd1979
40%
335Another LoveTom Odell2012
40%
176BarcelonaFreddie Mercury & Montserrat Caballé1987
40%
302BlauwThe Scene1991
40%
133CalifornicationRed Hot Chili Peppers2000
40%
102Chasing CarsSnow Patrol2006
40%
16Comfortably NumbPink Floyd1979
40%
937Dancing In The StreetDavid Bowie & Mick Jagger1985
40%
337Dat Ik Je MisMaaike Ouboter2013
40%
510DiamondsThe Boxer Rebellion2013
40%
1804DiamondsRihanna2012
40%
324Do I Wanna Know?Arctic Monkeys2013
40%
683Don't StopFleetwood Mac1977
40%
1287Dromen Zijn BedrogMarco Borsato1994
40%
245Fast CarTracy Chapman1988
40%
433FeelRobbie Williams2002
40%
1744FireThe Pointer Sisters1979
40%
59God Only KnowsThe Beach Boys1966
40%
882HeavenBryan Adams1985
40%
840HelpThe Beatles1965
40%
1238HolidayGreen Day2005
40%
309Holiday In SpainBløf & Counting Crows2004
40%
973HomeDotan2014
40%
1510HomeMichael Bublé2005
40%
39InnuendoQueen1991
40%
48In The Air TonightPhil Collins1981
40%
86Iron SkyPaolo Nutini2014
40%
661Jailhouse RockElvis Presley1957
40%
33Just BreathePearl Jam2009
40%
293Livin' On A PrayerBon Jovi1986
40%
95Lose YourselfEminem2002
40%
112Losing My ReligionR.E.M.1991
40%
233Love You MoreRacoon2005
40%
729MagicColdplay2014
40%
459MargheritaMarco Borsato1996
40%
62Mr. Blue SkyElectric Light Orchestra1978
40%
185Mr. BrightsideThe Killers2005
40%
217NovemberRowwen Hèze2000
40%
88Oerend HardNormaal1977
40%
1335PainThe War On Drugs2017
40%
47Paint It BlackThe Rolling Stones1966
40%
143PerfectEd Sheeran2017
40%
239RoxanneThe Police1979
40%
322RunSnow Patrol2004
40%
326Sex On FireKings of Leon2008
40%
374Shape Of YouEd Sheeran2017
40%
242SheCharles Aznavour1974
40%
464SheElvis Costello1999
40%
42Somebody To LoveQueen1976
40%
1663Somebody To LoveJefferson Airplane1967
40%
63SorryKensington2016
40%
152SorryKyteman2009
40%
691SorryNothing But Thieves2017
40%
105Stil In MijVan Dik Hout1994
40%
134Summer Of '69Bryan Adams1990
40%
360Take Me To ChurchHozier2014
40%
331Take On MeA-Ha1985
40%
707The BestTina Turner1989
40%
149The ChainFleetwood Mac1977
40%
423Video GamesLana Del Rey2011
40%
435WarKensington2014
40%
438WaterlooABBA1974
40%
1096WatskeburtDe Jeugd Van Tegenwoordig2005
40%
10Wish You Were HerePink Floyd1975
40%
1518Yellow SubmarineThe Beatles1966
40%
763ZijMarco Borsato2002
40%
123ZombieThe Cranberries1994
40%
692Zwart WitFrank Boeijen Groep1984
40%
9139 To 5Dolly Parton1981
30%
44A ForestThe Cure1980
30%
722All I Want For Christmas Is YouMariah Carey1994
30%
375All Of MeJohn Legend2013
30%
542American PieDon McLean1972
30%
146A Sky Full Of StarsColdplay & Avicii2014
30%
220Atemlos Durch Die NachtHelene Fischer2013
30%
559Bad GuyBillie Eilish2019
30%
406Beat ItMichael Jackson1983
30%
751Bicycle RaceQueen1978
30%
1274BinnenMarco Borsato1999
30%
109Bitter Sweet SymphonyThe Verve1997
30%
300Black Hole SunSoundgarden1994
30%
1267BlackstarDavid Bowie2015
30%
204Born To RunBruce Springsteen1975
30%
527Circle Of LifeElton John1994
30%
67Cold Little HeartMichael Kiwanuka2016
30%
1409CrazySeal1991
30%
83CreepRadiohead1992
30%
298De VliegerAndré Hazes1977
30%
64Enter SandmanMetallica1991
30%
826Eye Of The TigerSurvivor1982
30%
150FragileSting1988
30%
469God Is A DJFaithless1998
30%
101Goodnight SaigonBilly Joel1983
30%
1997Grounds For DivorceElbow2008
30%
758Happy New YearABBA1980
30%
329Haus Am SeePeter Fox2009
30%
348Hey BrotherAvicii2013
30%
66Highway To HellAC/DC1979
30%
750Home AgainKensington2012
30%
1196Home AgainMichael Kiwanuka2012
30%
738I Bet You Look Good On The DancefloorArctic Monkeys2005
30%
254I'm Gonna Be (500 Miles)The Proclaimers1988
30%
52In The EndLinkin Park2000
30%
404In Your ArmsChef'Special2014
30%
516It's My LifeBon Jovi2000
30%
825It's My LifeTalk Talk1984
30%
505I Want It AllQueen1989
30%
145I Want To Break FreeQueen1984
30%
229I Would StayKrezip2000
30%
168JeannyFalco1986
30%
97JoleneDolly Parton1974
30%
1933KidsMGMT2007
30%
60Killing In The NameRage Against The Machine1992
30%
1072KissPrince & The Revolution1986
30%
517Kiss From A RoseSeal1995
30%
117Knights Of CydoniaMuse2006
30%
424LandslideFleetwood Mac1975
30%
177Make You Feel My LoveAdele2008
30%
411Mamma MiaABBA1975
30%
218Man In The MirrorMichael Jackson1988
30%
382MoneyPink Floyd1973
30%
14November RainGuns N' Roses1992
30%
276OnderwegAbel2000
30%
1134PamelaToto1988
30%
536PapaoutaiStromae2013
30%
1909Per Spoor (Kedeng Kedeng)Guus Meeuwis & Vagant1996
30%
310RadioactiveImagine Dragons2012
30%
163Radio Ga GaQueen1984
30%
346RespectAretha Franklin1967
30%
75Riders On The StormThe Doors1971
30%
216Rocket ManElton John1972
30%
883SammyRamses Shaffy1966
30%
288SaraFleetwood Mac1980
30%
175Saturday NightHerman Brood & His Wild Romance1978
30%
41SchoolSupertramp1974
30%
281Set Fire To The RainAdele2011
30%
303Seven Nation ArmyWhite Stripes2003
30%
244SkyfallAdele2012
30%
463Snow (Hey Oh)Red Hot Chili Peppers2006
30%
126Someone Like YouAdele2011
30%
319Somewhere Only We KnowKeane2004
30%
478StarlightMuse2006
30%
1708StayRihanna ft. Mikky Ekko2013
30%
522Stayin' AliveBee Gees1978
30%
148Streets Of PhiladelphiaBruce Springsteen1994
30%
26Sultans Of SwingDire Straits1978
30%
32Sweet Child O' MineGuns N' Roses1987
30%
458Sweet GoodbyesKrezip2009
30%
1922Take Me HomePhil Collins1985
30%
358The CaveMumford & Sons2010
30%
587The Final CountdownEurope1986
30%
230The Load Out/StayJackson Browne1977
30%
182The Winner Takes It AllABBA1980
30%
201Three Little BirdsBob Marley & The Wailers1977
30%
110UprisingMuse2009
30%
900Use SomebodyKings of Leon2008
30%
161Wake Me UpAvicii ft. Aloe Blacc2013
30%
583WalkFoo Fighters2011
30%
232Walk Of LifeDire Straits1985
30%
118When The Lady SmilesGolden Earring1984
30%
1829WhyAnnie Lennox1992
30%
460Witch DoctorDe Staat2014
30%
1478Wit LichtJeroen van Koningsbrugge2015
30%
94YesterdayThe Beatles1965
30%
608You'll Be In My HeartPhil Collins1999
30%
155Your SongElton John1971
30%
167Zing Vecht Huil Bid Lach Werk En BewonderRamses Shaffy1971
30%
6811999Prince1982
20%
40799 LuftballonsNena1983
20%
56AlivePearl Jam1992
20%
1055Alles Is LiefdeBløf2007
20%
1065Alors On DanseStromae2010
20%
278Als Het Avond IsSuzan & Freek2018
20%
263Another One Bites The DustQueen1980
20%
914Anyplace Anywhere AnytimeNena & Kim Wilde2003
20%
162A Whiter Shade Of PaleProcol Harum1967
20%
1214Baggy TrousersMadness1980
20%
1116Banger HartRob De Nijs1996
20%
1992BeautifulChristina Aguilera2003
20%
223Beautiful DayU22000
20%
662BelgieHet Goede Doel1982
20%
954Bestel MarRowwen Hèze1992
20%
788Black Or WhiteMichael Jackson1991
20%
845Blauwe RuisBløf2002
20%
399Blue MondayNew Order1983
20%
1603Blue Suede ShoesElvis Presley1956
20%
397Born In The UsaBruce Springsteen1985
20%
282Boulevard Of Broken DreamsGreen Day2004
20%
847Brown SugarThe Rolling Stones1971
20%
248California Dreamin'The Mamas & The Papas1966
20%
612Calm After The StormThe Common Linnets2014
20%
353Can't Help Falling In LoveElvis Presley1961
20%
849Can't StopRed Hot Chili Peppers2002
20%
593Can't Stop The Feeling!Justin Timberlake2016
20%
1288Can You Feel The Love TonightElton John1994
20%
491ChandelierSia2013
20%
1796Club TropicanaWham!1983
20%
131Come As You AreNirvana1991
20%
385Crazy Little Thing Called LoveQueen1979
20%
475Dansen Aan ZeeBløf2000
20%
926De Kapitein Deel IIAcda & De Munnik2000
20%
437DemonsImagine Dragons2014
20%
165DesperadoEagles1973
20%
122Don't Stop Believin'Journey1981
20%
49Don't Stop Me NowQueen1979
20%
630Driving Home For ChristmasChris Rea1986
20%
169Earth SongMichael Jackson1995
20%
782Empire State Of MindJay-Z & Alicia Keys2009
20%
422EngelRammstein1997
20%
207Englishman In New YorkSting1988
20%
181Everybody HurtsR.E.M.1993
20%
311Every Breath You TakeThe Police1983
20%
817Every Little Thing She Does Is MagicThe Police1981
20%
1531EverythingMichael Bublé2007
20%
669FaithGeorge Michael1987
20%
636Fat Bottomed GirlsQueen1978
20%
71Fool's OvertureSupertramp1977
20%
797Friday I'm In LoveThe Cure1992
20%
427Gimme Gimme GimmeABBA1979
20%
100Gimme ShelterThe Rolling Stones1969
20%
907GirlAnouk2004
20%
1800God Put A Smile Upon Your FaceColdplay2002
20%
1261Goodbye Yellow Brick RoadElton John1973
20%
621HaloBeyoncé2009
20%
923Heal The WorldMichael Jackson1992
20%
627Het Land VanLange Frans & Baas B2005
20%
314Hold The LineToto1979
20%
1590Homeward BoundSimon & Garfunkel1966
20%
103House Of The Rising SunAnimals1964
20%
1269Human NatureMichael Jackson1983
20%
1321I Am The WalrusThe Beatles1967
20%
284(I Can't Get No) SatisfactionThe Rolling Stones1965
20%
1661I DoDouwe Bob & Jacqueline Govaert2018
20%
736I Gotta FeelingThe Black Eyed Peas2009
20%
1645Ik Heb Je LiefStef Bos1992
20%
951Ik Leef Niet Meer Voor JouMarco Borsato1996
20%
1001Ik Wou Dat Ik Jou WasVeldhuis & Kemper2003
20%
501I'm Still StandingElton John1983
20%
1206Isn't She LovelyStevie Wonder1976
20%
121I Still Haven't Found What I'm Looking ForU21987
20%
1147I Will Always Love YouDolly Parton1983
20%
617I Will Always Love YouWhitney Houston1992
20%
1107Killer / Papa Was A Rollin' StoneGeorge Michael1993
20%
106Killer QueenQueen1974
20%
189Kronenburg ParkFrank Boeijen Groep1985
20%
320Kryptonite3 Doors Down2000
20%
1987Lady MadonnaThe Beatles1968
20%
689LeaThe Cats1968
20%
440Learn To FlyFoo Fighters2000
20%
1996Let's Get It OnMarvin Gaye1973
20%
401Liefs Uit LondenBløf1998
20%
388Life On MarsDavid Bowie1973
20%
836Like A PrayerMadonna1989
20%
643Like A Rolling StoneBob Dylan1965
20%
1488ListenBeyoncé2007
20%
1423Live And Let DiePaul McCartney & Wings1973
20%
1397Live And Let DieGuns N' Roses1991
20%
119Lola MontezVolbeat2013
20%
1920LostColdplay2008
20%
343LostAnouk2005
20%
995Love And HateMichael Kiwanuka2016
20%
1103Lover Of The LightMumford & Sons2012
20%
430Love Will Tear Us ApartJoy Division1980
20%
1297Malle BabbeRob De Nijs1975
20%
334MamaGenesis1983
20%
1422MercyMuse2015
20%
449Message In A BottleThe Police1979
20%
744Mijn Houten HartDe Poema's1999
20%
694Million Years AgoAdele2016
20%
796MiracleIlse DeLange2009
20%
173Money For NothingDire Straits1985
20%
568Mrs. RobinsonSimon & Garfunkel1968
20%
205MusicJohn Miles1976
20%
279My ImmortalEvanescence2003
20%
429NarcoticLiquido1998
20%
961No MercyRacoon2011
20%
268No One KnowsQueens Of The Stone Age2002
20%
289Nothing Compares 2uSinead O'Connor1990
20%
76Old And WiseThe Alan Parsons Project1982
20%
227One Day Like ThisElbow2008
20%
318Op FietseSkik1997
20%
206PapillonEditors2009
20%
135ParanoidBlack Sabbath1970
20%
342Paranoid AndroidRadiohead1997
20%
73PastoraleRamses Shaffy & Liesbeth List1969
20%
1591Poker FaceLady Gaga2009
20%
746PompeiiBastille2013
20%
264PsychoMuse2015
20%
243Ring Of FireJohnny Cash1963
20%
526RosannaToto1982
20%
1715Sexy Als Ik DansNielson2014
20%
831Shape Of My HeartSting1993
20%
555Sign Of The TimesHarry Styles2017
20%
1917SkinRag'n'Bone Man2017
20%
1747Skinny LoveBirdy2011
20%
1345SledgehammerPeter Gabriel1986
20%
1611SmoothSantana & Rob Thomas2000
20%
224SocietyEddie Vedder2007
20%
428Somebody That I Used To KnowGotye ft. Kimbra2011
20%
1344Somebody Told MeThe Killers2004
20%
589SongbirdFleetwood Mac1977
20%
1613SongbirdEva Cassidy1997
20%
1009Sovereign Light CafeKeane2012
20%
852Start Me UpThe Rolling Stones1981
20%
61Sunday Bloody SundayU21985
20%
409Sweet Home AlabamaLynyrd Skynyrd1974
20%
65Sympathy For The DevilThe Rolling Stones1973
20%
237Take Me Home, Country RoadsJohn Denver1971
20%
40Telegraph RoadDire Straits1982
20%
156The BoxerSimon & Garfunkel1969
20%
327The EndThe Doors1967
20%
595The Man Who Can't Be MovedThe Script2008
20%
1759The MiracleQueen1989
20%
107The Show Must Go OnQueen1991
20%
482Thunder RoadBruce Springsteen1975
20%
306TimePink Floyd1973
20%
624Tiny DancerElton John1971
20%
918Tranen GelachenGuus Meeuwis2007
20%
354Treur Niet (Ode Aan Het Leven)Diggy Dex ft. JW Roy2015
20%
878TroubleColdplay2000
20%
492Uptown Funk!Mark Ronson ft. Bruno Mars2014
20%
1212Uptown GirlBilly Joel1983
20%
1484VogueMadonna1990
20%
184Voor HaarFrans Halsema1977
20%
1024Voulez-VousABBA1979
20%
301What About UsP!nk2017
20%
903Where Is The LoveThe Black Eyed Peas2003
20%
98Where The Streets Have No NameU21987
20%
55With Or Without YouU21987
20%
240Zij Gelooft In MijAndré Hazes1981
20%
540Zij Maakt Het VerschilDe Poema's2001
20%
122050 Ways To Leave Your LoverPaul Simon1976
10%
502A Boy Named SueJohnny Cash1969
10%
269Against All Odds (Take A Look At Me Now)Phil Collins1984
10%
1459Ain't No Mountain High EnoughMarvin Gaye & Tammi Terrell1967
10%
639AlbatrossFleetwood Mac1969
10%
1826A Little Less ConversationElvis vs. JXL2002
10%
195All Along The WatchtowerThe Jimi Hendrix Experience1968
10%
1331All My LifeFoo Fighters2002
10%
1180All StarSmash Mouth1999
10%
1854All Summer LongKid Rock2008
10%
1154All You Need Is LoveThe Beatles1967
10%
658AloneHeart1987
10%
1836Als De Morgen Is GekomenJan Smit2006
10%
962Als Het Vuur Gedoofd IsAcda & De Munnik1997
10%
635AlwaysBon Jovi1994
10%
679American IdiotGreen Day2004
10%
664AmigoChef'Special2016
10%
1841AmsterdamColdplay2002
10%
727AmsterdamNothing But Thieves2017
10%
1887Anarchy In The UkSex Pistols1976
10%
1064AnimalsMartin Garrix2013
10%
1560AnnabelHans de Booij1983
10%
259Another 45 MilesGolden Earring1969
10%
1419AsGeorge Michael & Mary J. Blige1999
10%
1535BabelMumford & Sons2013
10%
1939Back Down SouthKings of Leon2011
10%
295Back In BlackAC/DC1980
10%
529BadlandsBruce Springsteen1978
10%
226Bad Moon RisingCreedence Clearwater Revival1969
10%
1366Bad RomanceLady Gaga2009
10%
1653BagagedragerSpinvis2002
10%
363Bat Out Of HellMeat Loaf1977
10%
180Bed Of RosesBon Jovi1993
10%
1098Behind Blue EyesLimp Bizkit2004
10%
1851Behind Blue EyesThe Who1971
10%
114Belfast ChildSimple Minds1989
10%
378BelieverImagine Dragons2017
10%
928Belle HeleneDoe Maar1982
10%
614Black BettyRam Jam1978
10%
104BlackbirdThe Beatles1968
10%
1594Black DogLed Zeppelin1971
10%
1442Blauwe DagSuzan & Freek2019
10%
653Blowin' In The WindBob Dylan1963
10%
1894Blurred LinesRobin Thicke ft. T.I. & Pharrell Williams2013
10%
837Breakfast In AmericaSupertramp1979
10%
569Breaking The HabitLinkin Park2004
10%
336Brown Eyed GirlVan Morrison1967
10%
1785By The WayRed Hot Chili Peppers2002
10%
1561California Love2Pac1996
10%
493Castle On The HillEd Sheeran2017
10%
1392CeciliaSimon & Garfunkel1970
10%
673Champagne SupernovaOasis1996
10%
1962Charlie BrownColdplay2011
10%
554ChiquititaABBA1979
10%
765Clint EastwoodGorillaz2001
10%
1625CocaineJ.J. Cale1976
10%
1104CocaineEric Clapton1978
10%
802Come On EileenDexy's Midnight Runners1982
10%
910Could You Be LovedBob Marley & The Wailers1980
10%
1553Crazy In LoveBeyoncé & Jay-Z2002
10%
1946DakotaStereophonics2005
10%
247Dancing In The DarkBruce Springsteen1985
10%
894Dani CaliforniaRed Hot Chili Peppers2006
10%
1449DanielElton John1973
10%
387Dansen Op De VulkaanDe Dijk1987
10%
602Dat Komt Door JouGuus Meeuwis2009
10%
667Der WegHerbert Grönemeyer2002
10%
84Deurdonderen (Live)Normaal1982
10%
1140DeutschlandRammstein2019
10%
1250De WegGuus Meeuwis2005
10%
920Diamonds On The Soles Of Her ShoesPaul Simon1986
10%
524Dirty DianaMichael Jackson1987
10%
1205Disco InfernoThe Trammps1977
10%
660Don't Fear The ReaperBlue Öyster Cult1976
10%
1660Don't Know WhyNorah Jones2002
10%
1408Don't Leave Me This WayThe Communards & Sarah Jane Morris1986
10%
1011Don't SpeakNo Doubt1996
10%
200Don't You (Forget About Me)Simple Minds1985
10%
1431Down On The CornerCreedence Clearwater Revival1969
10%
563Down UnderMen at Work1982
10%
515DreamerSupertramp1974
10%
1326DriveR.E.M.1992
10%
275Dust In The WindKansas1978
10%
194EchoesPink Floyd1971
10%
151Enjoy The SilenceDepeche Mode1990
10%
1974EuphoriaLoreen2012
10%
266EverlongFoo Fighters1997
10%
1316Every Teardrop Is A WaterfallColdplay2011
10%
442EverywhereFleetwood Mac1987
10%
902FernandoABBA1975
10%
625Fields Of GoldEva Cassidy1996
10%
178Fields Of GoldSting1993
10%
725FirestarterThe Prodigy1996
10%
1175FlappieYoup van 't Hek1981
10%
1295Fluorescent AdolescentArctic Monkeys2007
10%
305Forever YoungAlphaville1984
10%
376Free BirdLynyrd Skynyrd1974
10%
987Get LuckyDaft Punk ft. Pharrell Williams2013
10%
1022GoldSpandau Ballet1983
10%
1927GoldPrince1995
10%
1539Gold On The CeilingThe Black Keys2011
10%
532Good VibrationsThe Beach Boys1966
10%
127Gotta Catch 'M All (Pokemon Theme Song)Jason Paige1997
10%
1918GraceJeff Buckley1994
10%
313GracelandPaul Simon1986
10%
665GravityJohn Mayer2006
10%
1907GrenadeBruno Mars2010
10%
468Groot HartDe Dijk1985
10%
1770Guiding LightMumford & Sons2018
10%
1965Happy X-Mas (War Is Over)John Lennon & Yoko Ono & Plastic Ono Band1972
10%
611Hard SunEddie Vedder2007
10%
139Have You Ever Seen The RainCreedence Clearwater Revival1971
10%
413Heading Up HighArmin van Buuren ft. Kensington2015
10%
271Heart Of GoldNeil Young1972
10%
1019Heart-Shaped BoxNirvana1993
10%
1120Heaven For EveryoneQueen1995
10%
1772Here Comes The Rain AgainEurythmics1983
10%
77Here Comes The SunThe Beatles1969
10%
1271Here Without You3 Doors Down2004
10%
632Het Is Een Nacht... (Levensecht)Guus Meeuwis & Vagant1995
10%
934Het Land Van Maas En WaalBoudewijn de Groot1967
10%
1925Hey There DelilahPlain White T's2007
10%
1758HierBløf2000
10%
485High HopesPink Floyd1994
10%
884High HopesPanic! At the Disco2018
10%
1235Hilversum 3Herman van Veen1984
10%
1336Hold MeAnouk & Douwe Bob2014
10%
1953Hound DogElvis Presley1959
10%
672How Deep Is Your LoveBee Gees1977
10%
1260How To Save A LifeThe Fray2007
10%
208HurricaneBob Dylan1975
10%
1093Hymn For The WeekendColdplay2015
10%
154Ice QueenWithin Temptation2001
10%
1132Ich Bin Wie DuMarianne Rosenberg1976
10%
578I Don't Want To Miss A ThingAerosmith1997
10%
222Iedereen Is Van De WereldThe Scene1991
10%
777I Follow RiversTriggerfinger2012
10%
858If You Leave Me NowChicago1976
10%
861I Have A DreamABBA1979
10%
487IJskoudNielson2018
10%
457Immigrant SongLed Zeppelin1971
10%
1474I'm YoursJason Mraz2008
10%
1358In My PlaceColdplay2002
10%
417Into My ArmsNick Cave & The Bad Seeds1996
10%
755IronicAlanis Morissette1996
10%
1702I Sat By The OceanQueens Of The Stone Age2013
10%
723Islands In The StreamKenny Rogers & Dolly Parton1983
10%
1848It's TimeImagine Dragons2013
10%
307I Walk The LineJohnny Cash1957
10%
1014I Want It That WayBackstreet Boys1999
10%
1562I Want To Hold Your HandThe Beatles1964
10%
594I Will WaitMumford & Sons2012
10%
1317JerusalemAnouk2005
10%
915Jesus He Knows MeGenesis1992
10%
638JimmyBoudewijn de Groot1973
10%
581JumpVan Halen1984
10%
999Just Can't Get Enough (Live)Depeche Mode1985
10%
585Just Give Me A ReasonP!nk ft. Nate Ruess2012
10%
1847Just The Way You AreBilly Joel1977
10%
1556Just The Way You AreBruno Mars2010
10%
246Karma PoliceRadiohead1997
10%
1495Kijk OmhoogNick & Simon2007
10%
198Knocking On Heaven's DoorGuns N' Roses1992
10%
1846La Isla BonitaMadonna1987
10%
503L.A. WomanThe Doors1971
10%
466Lay All Your Love On MeABBA1980
10%
732LaylaDerek & The Dominos1971
10%
1662Lego HouseEd Sheeran2012
10%
521Let Her GoPassenger2012
10%
682Let It HappenTame Impala2015
10%
870Let Me Entertain YouRobbie Williams1998
10%
547Let's DanceDavid Bowie1983
10%
392LevelsAvicii2011
10%
1739Life In Technicolor iiColdplay2009
10%
539Light My FireThe Doors1967
10%
277Lightning CrashesLive1995
10%
480Limburg (live)Rowwen Hèze1996
10%
488LingerThe Cranberries1993
10%
771Lippy KidsElbow2011
10%
1144Listen To Your HeartRoxette1989
10%
265LithiumNirvana1991
10%
567Little Black SubmarinesThe Black Keys2011
10%
373Little Lion ManMumford & Sons2010
10%
489Lola (Live)The Kinks1980
10%
1145London CallingThe Clash1979
10%
390Lopen Tot De Zon KomtAcda & De Munnik1997
10%
1087Love Is A BattlefieldPat Benatar1984
10%
1217Love Is A Losing GameAmy Winehouse2007
10%
1658Lovely DayBill Withers1978
10%
1674LovesongThe Cure1989
10%
646LullabyThe Cure1989
10%
1007MadnessMuse2012
10%
1160Mad WorldMichael Andrews ft. Gary Jules2003
10%
897Man On The MoonR.E.M.1992
10%
85Master Of PuppetsMetallica1986
10%
261Me And Bobby McGeeJanis Joplin1971
10%
1588MenschHerbert Grönemeyer2003
10%
1456MirrorsJustin Timberlake2013
10%
998Miss YouThe Rolling Stones1978
10%
1966Mister BlueRene Klijn1993
10%
1786Money Money MoneyABBA1976
10%
876MooiMarco Borsato2015
10%
731Mooie DagBløf2002
10%
290More Than A FeelingBoston1977
10%
1447More Than WordsExtreme1991
10%
674Morning Has BrokenCat Stevens1972
10%
862Mr. BojanglesRobbie Williams2001
10%
1670Mr. BojanglesSammy Davis Jr.1967
10%
1375MunichEditors2005
10%
1081My Heart Will Go OnCéline Dion1998
10%
308My WayFrank Sinatra1969
10%
626Nao 't ZuujeLex Uiting2017
10%
1216NederwietDoe Maar1983
10%
853Never Gonna Give You UpRick Astley1987
10%
1420NicotineChef'Special2017
10%
350Niemand In De StadDe Dijk1989
10%
684Niet Of Nooit GeweestAcda & De Munnik1998
10%
1596Niggas In ParisKanye West & Jay-Z2011
10%
1174Nightboat To CairoMadness1980
10%
1372Night FeverBee Gees1978
10%
776NikitaElton John1985
10%
1831Ocean of NightEditors2015
10%
304OmarmBløf2003
10%
705One More LightLinkin Park2016
10%
1428One More TimeDaft Punk2000
10%
743One Of These DaysPink Floyd1971
10%
355One Of These NightsEagles1975
10%
544One Step BeyondMadness1979
10%
714One Way WindThe Cats1971
10%
1159On Top Of The WorldImagine Dragons2013
10%
866Ordinary LoveU22013
10%
199Oude MaaswegThe Amazing Stroopwafels1982
10%
737OvercomeLive2001
10%
136Paradise CityGuns N' Roses1989
10%
426PatienceGuns N' Roses1989
10%
377Penny LaneThe Beatles1967
10%
157Perfect DayLou Reed1972
10%
925Personal JesusDepeche Mode1990
10%
832PhotographEd Sheeran2015
10%
425Plug In BabyMuse2001
10%
1912PolitikColdplay2002
10%
637Private DancerTina Turner1984
10%
87Private InvestigationsDire Straits1982
10%
1010Proud MaryCreedence Clearwater Revival1969
10%
172Proud MaryIke & Tina Turner1971
10%
523Psycho KillerTalking Heads1978
10%
1032Purple HazeThe Jimi Hendrix Experience1967
10%
1753PyroKings of Leon2010
10%
941Raspberry BeretPrince & The Revolution1985
10%
1039Real Slim ShadyEminem2000
10%
1202Red EyesThe War On Drugs2013
10%
533Ren Lenny RenAcda & De Munnik2002
10%
1035ReünieSnelle2019
10%
577River Deep Mountain HighIke & Tina Turner1966
10%
1554RoyalsLorde2013
10%
597Running Up That HillKate Bush1985
10%
1189Run To YouBryan Adams1985
10%
822SailingRod Stewart1975
10%
1480Scenes From An Italian RestaurantBilly Joel1977
10%
1149School's OutAlice Cooper1972
10%
1231Sexual HealingMarvin Gaye1982
10%
1685Shake It OffTaylor Swift2014
10%
1694She Will Be LovedMaroon 52004
10%
1544Shiny Happy PeopleR.E.M.1991
10%
1350Shoes Of LightningRacoon2013
10%
1446Should I Stay Or Should I Go?The Clash1991
10%
1833Shut Up And DanceWalk The Moon2014
10%
1241Shut Your EyesSnow Patrol2007
10%
497Sinds 1 Dag Of 2 (32 Jaar)Doe Maar1981
10%
99(Sittin' On) The Dock Of The BayOtis Redding1968
10%
1624Skandal Im SperrbezirkSpider Murphy Gang1982
10%
610Slow Dancing In A Burning RoomJohn Mayer2006
10%
380Smokers Outside The Hospital DoorsEditors2007
10%
410Smooth CriminalMichael Jackson1988
10%
1091So IncredibleIlse DeLange2008
10%
854So LonelyThe Police1979
10%
395Solsbury HillPeter Gabriel1977
10%
1113Someone You LovedLewis Capaldi2019
10%
596SomethingThe Beatles1969
10%
739Something Just Like ThisThe Chainsmokers & Coldplay2017
10%
877Song 2Blur1997
10%
147SonneRammstein2001
10%
92Space OddityDavid Bowie1969
10%
315StarmanDavid Bowie1972
10%
1036State Of IndependenceDonna Summer1982
10%
1815Steppin' OutJoe Jackson1982
10%
1301Stiekem GedanstToontje Lager1983
10%
1501Story Of My LifeOne Direction2013
10%
548Strawberry Fields ForeverThe Beatles1967
10%
896Stressed OutTwenty One Pilots2016
10%
1577SuperheroesThe Script2014
10%
509Supermassive Black HoleMuse2006
10%
592SuperstitionStevie Wonder1973
10%
1049Super TrouperABBA1980
10%
1042SuzanneHerman van Veen1969
10%
396SuzanneLeonard Cohen1968
10%
190Sweet CarolineNeil Diamond1969
10%
484Sweet Dreams (Are Made Of This)Eurythmics1983
10%
833Take Me OutFranz Ferdinand2003
10%
1237TalkColdplay2005
10%
615The Boys Of SummerDon Henley1985
10%
456The Great Gig In The SkyPink Floyd1972
10%
141The Last ResortEagles1976
10%
794The Less I Know The BetterTame Impala2015
10%
704The Long And Winding RoadThe Beatles1970
10%
1125The Man Who Sold The WorldDavid Bowie1970
10%
1418The MonsterEminem & Rihanna2013
10%
574The Power Of LoveFrankie Goes to Hollywood1984
10%
116The PretenderFoo Fighters2007
10%
1327The Racing RatsEditors2008
10%
1262The RisingBruce Springsteen2002
10%
193The RoseBette Midler1980
10%
1173The Way You Make Me FeelMichael Jackson1987
10%
359Thinking Out LoudEd Sheeran2014
10%
1757Times Like TheseFoo Fighters2003
10%
434Time To GiveWhite Lies2018
10%
620Time To Say GoodbyeAndrea Bocelli & Sarah Brightman1997
10%
887TitaniumDavid Guetta & Sia2011
10%
576Toen Ik Je ZagHero1997
10%
1877TrueSpandau Ballet1983
10%
1006Turning TablesAdele2011
10%
260Twilight ZoneGolden Earring1982
10%
1433Twist And ShoutThe Beatles1963
10%
1085Two Out Of Three Ain't BadMeat Loaf1977
10%
944Unchained MelodyThe Righteous Brothers1965
10%
655Under The PressureThe War On Drugs2014
10%
1108Undisclosed DesiresMuse2009
10%
1021UnintendedMuse2009
10%
1460UnwrittenNatasha Bedingfield2004
10%
841VenusShocking Blue1969
10%
262Verdronken VlinderBoudewijn de Groot1966
10%
1381VertigoU22004
10%
419ViennaUltravox1981
10%
421VlinderRowwen Hèze2003
10%
1265VriendschapHet Goede Doel1983
10%
1351Waarom Nou JijMarco Borsato1994
10%
867Waiting On A Sunny DayBruce Springsteen2003
10%
1407Waiting On The World To ChangeJohn Mayer2006
10%
1155Wake Me Up Before You Go GoWham!1984
10%
496Wake Me Up When September EndsGreen Day2005
10%
1444Walk This WayRun DMC & Aerosmith1986
10%
1311Watermensen3JS2008
10%
1279Water Under The BridgeAdele2016
10%
952Wat Zou Je DoenBløf1998
10%
1593Wat Zou Je DoenMarco Borsato & Ali B2004
10%
791WavesMr. Probz2013
10%
1421We Didn't Start The FireBilly Joel1989
10%
1719WeekendEarth & Fire1979
10%
267Welcome To The JungleGuns N' Roses1987
10%
600What A Wonderful WorldLouis Armstrong1968
10%
989When The Sun Goes DownArctic Monkeys2006
10%
362When We Were YoungAdele2015
10%
1712White FlagDido2003
10%
352White RabbitJefferson Airplane1967
10%
553White RoomCream1968
10%
81Whole Lotta RosieAC/DC1978
10%
74Who Wants To Live ForeverQueen1986
10%
566Why Tell Me WhyAnita Meyer1981
10%
477Wicked GameChris Isaak1991
10%
1294Wij Zullen DoorgaanRamses Shaffy1975
10%
283Wind Of ChangeScorpions1991
10%
893WinterTori Amos1992
10%
297With A Little Help From My FriendsJoe Cocker1968
10%
1579WomanWolfmother2005
10%
1863Wonderful WorldSam Cooke1986
10%
1471Won't Get Fooled AgainThe Who1971
10%
1339World Of HurtIlse DeLange1998
10%
759WouldAlice in Chains1992
10%
580You Are So BeautifulJoe Cocker1974
10%
762You Can Call Me AlPaul Simon1986
10%
1243You Can Leave Your Hat OnJoe Cocker1986
10%
292You Can't Always Get What You WantThe Rolling Stones1969
10%
780You'll Never Walk AloneGerry & The Pacemakers1963
10%
1168You'll Never Walk AloneLee Towers1976
10%
1684You're BeautifulJames Blunt2005
10%
690You're My Best FriendQueen1976
10%
1532ZaterdagBløf1999
10%
115Zeg Me Dat Het Niet Zo IsFrank Boeijen Groep1990
10%
546Zelfs Je Naam Is MooiHenk Westbroek1998
10%
1129Zing Voor MeLange Frans & The Lau2010
10%
291Zo StilBløf2012
10%
11711979The Smashing Pumpkins1996
0%
113121 GunsGreen Day2009
0%
125824K MagicBruno Mars2016
0%
147225 Or 6 To 4Chicago1970
0%
828'39Queen1975
0%
17277 SecondsYoussou N'Dour & Neneh Cherry1994
0%
18207 YearsLukas Graham2015
0%
7069 CrimesDamien Rice2006
0%
394Aan De KustBløf1999
0%
1285Aanzoek Zonder RingenBløf2006
0%
1119About A Girl (Unplugged)Nirvana1993
0%
981Absolute BeginnersDavid Bowie1986
0%
1958Accidentally In LoveCounting Crows2004
0%
209Ace Of SpadesMotörhead1980
0%
1443A Change Is Gonna ComeSam Cooke1964
0%
330A Day In The LifeThe Beatles1967
0%
1038Addicted To YouAvicii2014
0%
628A Different CornerGeorge Michael1986
0%
1142Adventure Of A LifetimeColdplay2015
0%
1509After MidnightJ.J. Cale1972
0%
890A Gentleman's Excuse MeFish1990
0%
1506A Hard Day's NightThe Beatles1964
0%
1569A Head Full Of DreamsColdplay2016
0%
391A Horse With No NameAmerica1972
0%
818Ain't Got No, I Got Life (Original)Nina Simone1968
0%
1822Ain't NobodyRufus & Chaka Khan1984
0%
472Ain't No SunshineBill Withers1971
0%
582A Kind Of MagicQueen1986
0%
258AlieNormaal1977
0%
500Alive And KickingSimple Minds1985
0%
1969All ApologiesNirvana1993
0%
537Alles GeprobeerdHet Goede Doel1986
0%
886All For NothingKensington2014
0%
1404All I AskAdele2015
0%
1040All I NeedAir1998
0%
790All I Want Is YouU21988
0%
1956All Night Long (All Night)Lionel Richie1983
0%
1398All The Small ThingsBlink-1821999
0%
800Almost Cut My HairCrosby, Stills, Nash & Young1970
0%
1824A Long DecemberCounting Crows1996
0%
1582Als De Rook Om Je Hoofd Is VerdwenenBoudewijn de Groot1972
0%
1195Als Het GolftDe Dijk2000
0%
228Als Ze Er Niet IsDe Dijk1994
0%
453Always On My MindElvis Presley1972
0%
1192Always On My MindWillie Nelson1984
0%
1430Always Remember Us This WayLady Gaga2019
0%
1656American TrilogyElvis Presley1972
0%
1400An End Has A StartEditors2007
0%
215Angel Of DeathSlayer1986
0%
1476Angel Of HarlemU21988
0%
1200A Night Like ThisCaro Emerald2009
0%
1191AnneHerman van Veen1986
0%
467Annie's SongJohn Denver1976
0%
344Another Day In ParadisePhil Collins1989
0%
1319ApacheThe Shadows1960
0%
1438Appleknockers FlophouseCuby & The Blizzards1969
0%
1355Are You Gonna Go My WayLenny Kravitz1993
0%
1458Are You Lonesome TonightElvis Presley1961
0%
1911Around The WorldDaft Punk1997
0%
843Ashes To AshesDavid Bowie1980
0%
1880A Slow SongJoe Jackson1982
0%
1508As Tears Go ByThe Rolling Stones1966
0%
1227A Thing Called LoveJohnny Cash1972
0%
1045At LastEtta James1960
0%
1872AtmosphereJoy Division1979
0%
1761A Ton Of LoveEditors2013
0%
1527At SeventeenJanis Ian1975
0%
1105AutobahnKraftwerk1975
0%
640Auto VliegtuugRowwen Hèze1999
0%
1203AvalonRoxy Music1982
0%
1842A Winter's TaleQueen1996
0%
294Baba O'RileyThe Who1971
0%
1379Baby Can I Hold YouTracy Chapman1988
0%
1318Back HomeGolden Earring1970
0%
1731Back In The U.S.S.R.The Beatles1968
0%
814Bad LiarImagine Dragons2018
0%
550Baker StreetGerry Rafferty1978
0%
760Band On The RunPaul McCartney & Wings1974
0%
1182BarracudaHeart1977
0%
370Basket CaseGreen Day1994
0%
1690Beast Of BurdenThe Rolling Stones1978
0%
1950Beast Of BurdenBette Midler1984
0%
1817Beautiful GoodbyeAmanda Marshall1996
0%
778Beautiful NoiseNeil Diamond1976
0%
1060Beautiful PeopleMelanie1969
0%
1746Beautiful TraumaP!nk2017
0%
1424Because The NightPatti Smith Group1978
0%
1048Beds Are BurningMidnight Oil1988
0%
1005BedshapedKeane2004
0%
659Be My Number TwoJoe Jackson1984
0%
1401Bend And BreakKeane2005
0%
1315Ben Ik Te MinArmand1967
0%
1053Best Of YouFoo Fighters2005
0%
1843Be The OneDua Lipa2016
0%
1543Big In JapanAlphaville1984
0%
1333Big LogRobert Plant1983
0%
1380Big LoveFleetwood Mac1987
0%
1183Bigmouth Strikes AgainThe Smiths1986
0%
1346BikoPeter Gabriel1980
0%
741Binnen Zonder KloppenDe Dijk1985
0%
1280Bird Of ParadiseSnowy White1984
0%
1989Black Magic WomanFleetwood Mac1968
0%
709Black Magic WomanSantana1970
0%
1325Black NightDeep Purple1970
0%
1286Black VelvetAlannah Myles1990
0%
1622Blinded By The LightManfred Mann's Earth Band1976
0%
531BlissMuse2001
0%
1485Blitzkrieg BopRamones1976
0%
848BloasmuziekGé Reinders1999
0%
647Bloedend HartDe Dijk1982
0%
1427Blueberry HillFats Domino1957
0%
1859Blue HotelChris Isaak1987
0%
1972BombayGolden Earring1976
0%
947Boogie WonderlandEarth, Wind & Fire1979
0%
1150Born On The BayouCreedence Clearwater Revival1972
0%
418Born SlippyUnderworld1996
0%
1737Born To Be AlivePatrick Hernandez1979
0%
1013Born To Be WildSteppenwolf1968
0%
842Both Sides NowJoni Mitchell1968
0%
975Boys Don't CryThe Cure1986
0%
1541BreakevenThe Script2009
0%
1633Break On Through (To The Other Side)The Doors1967
0%
792BreakthruQueen1989
0%
1368BreatheThe Prodigy1996
0%
829BridgesKensington2017
0%
699Bright EyesArt Garfunkel1979
0%
1550Brilliant DisguiseBruce Springsteen1987
0%
618Bring Me To LifeEvanescence2003
0%
1218Broken WingsMr. Mister1986
0%
1340BudapestGeorge Ezra2014
0%
1914Buffalo SoldierBob Marley & The Wailers1983
0%
1680Bullet The Blue SkyU21987
0%
1807Bullet With Butterfly WingsThe Smashing Pumpkins1995
0%
1176Burning HeartVandenberg1983
0%
1057Burning LoveElvis Presley1972
0%
1985Calling ElvisDire Straits1991
0%
1642Call Me The BreezeJ.J. Cale1972
0%
1106CalypsoJohn Denver1975
0%
1305CambodiaKim Wilde1981
0%
821Candle In The Wind '97Elton John1997
0%
1146CandyIggy Pop & Kate Pierson1990
0%
420Can I Play With MadnessIron Maiden1988
0%
1812Can't Get It Out Of My HeadElectric Light Orchestra1975
0%
1062Can't Hold UsMacklemore & Ryan Lewis ft. Ray Dalton2012
0%
1606Can't Stand Losing YouThe Police1979
0%
839Can't Stop Loving YouPhil Collins2002
0%
236Careless WhisperGeorge Michael1984
0%
1756Carry OnCrosby, Stills, Nash & Young1970
0%
1079Carry On Wayward SonKansas1976
0%
1783Casser La Voix (Live)Patrick Bruel1992
0%
613Chan ChanBuena Vista Social Club1997
0%
715Changes2Pac1998
0%
1041ChangesDavid Bowie1971
0%
1516ChildrenRobert Miles1996
0%
733China GirlDavid Bowie1983
0%
214Chop Suey!System of a Down2001
0%
1275Christmas LightsColdplay2010
0%
1434City Of Blinding LightsU22005
0%
1332Cleanin' Out My ClosetEminem2002
0%
1158Close To MeThe Cure1985
0%
1620Close To The EdgeYes1972
0%
657CloudbustingKate Bush1985
0%
1671ClownEmeli Sandé2012
0%
1370Cold As IceForeigner1977
0%
441Come TogetherThe Beatles1969
0%
1867Come UndoneRobbie Williams2003
0%
1233Comptine D'un Autre Ete, L'Apres Midi (Amelie)Yann Tiersen2001
0%
651Conquest Of ParadiseVangelis1995
0%
994Con Te PartiroAndrea Bocelli1996
0%
1304Cose Della VitaEros Ramazzotti1998
0%
1692Counting StarsOne Republic2013
0%
538Cowboys And AngelsGeorge Michael1991
0%
1259Crazy On YouHeart1976
0%
948Crime Of The CenturySupertramp1974
0%
1165Cry BabyJanis Joplin1971
0%
1802Cry Me A RiverJustin Timberlake2002
0%
868Daar Gaat ZeClouseau1990
0%
1828Damn Those EyesKane1999
0%
1348Dance MonkeyTones and I2019
0%
1882Dancin' FoolFrank Zappa1979
0%
1901Dancing On My OwnCalum Scott2016
0%
1681Dancing With Tears In My EyesUltravox1984
0%
726Dark NecessitiesRed Hot Chili Peppers2016
0%
1044DaughterPearl Jam1993
0%
702DaughtersJohn Mayer2005
0%
1725Daydream BelieverThe Monkees1967
0%
1244Dazed And ConfusedLed Zeppelin1969
0%
1306Dear Mama2Pac1998
0%
1187Dear Mr PresidentP!nk2006
0%
786De BestemmingMarco Borsato1998
0%
863De BomDoe Maar1982
0%
663De Neus UmhoegRowwen Hèze1995
0%
898DenisBlondie1978
0%
299De Peel In BrandRowwen Hèze2005
0%
1957Desert RoseSting & Cheb Mami2000
0%
1813DespacitoLuis Fonsi ft. Daddy Yankee2017
0%
642De VerzoeningFrank Boeijen Groep1987
0%
389De Vondeling Van AmelandBoudewijn de Groot2004
0%
982De WaarheidMarco Borsato1996
0%
1782De WedstrijdBram Vermeulen1991
0%
1513De Zon OpDiggy Dex2018
0%
1776Diamonds And PearlsPrince & The New Power Generation1991
0%
1584DianeTherapy?1995
0%
1875Dichterbij Dan OoitBløf2001
0%
939DisarmThe Smashing Pumpkins1993
0%
1293DodenritDrs. P1974
0%
560Does Your Mother KnowABBA1979
0%
1291Dog Days Are OverFlorence + The Machine2009
0%
504Do I EverKensington2016
0%
1970Do It AgainSteely Dan1972
0%
1716DominoClouseau1990
0%
1791Done With ItKensington2015
0%
1359Don't Answer MeThe Alan Parsons Project1984
0%
1309Don't Bring Me DownElectric Light Orchestra1979
0%
671Don't CryGuns N' Roses1991
0%
764Don't Dream It's OverCrowded House1987
0%
341Don't Give UpPeter Gabriel & Kate Bush1986
0%
633Don't Give Up The FightRacoon2011
0%
1204Don't Go Breaking My HeartElton John & Kiki Dee1976
0%
1816Don't Let Me Be MisunderstoodSanta Esmeralda1977
0%
1931Don't Let Me DownThe Beatles1969
0%
365Don't Let The Sun Go Down On MeGeorge Michael & Elton John1991
0%
1784Don't Stand So Close To MeThe Police1980
0%
1074Don't Stop 'Til You Get EnoughMichael Jackson1979
0%
1947Don't Think Twice It's All RightBob Dylan1963
0%
1589Don't You Want MeThe Human League1982
0%
1138Do They Know It's ChristmasBand Aid1984
0%
811Down DownStatus Quo1975
0%
1635Down ManBrainbox1969
0%
598Dreadlock Holiday10cc1978
0%
238Dream OnAerosmith1973
0%
1118Driver's SeatSniff 'n The Tears1980
0%
935DroomlandPaul de Leeuw & Andre Hazes1993
0%
927Drops Of Jupiter (Tell Me)Train2001
0%
1774Dust BowlJoe Bonamassa2011
0%
1284DynamiteMud1974
0%
325EagleABBA1978
0%
720Easy Livin'Uriah Heep1973
0%
645Easy LoverPhil Collins & Philip Bailey1985
0%
1500Een Meisje Van 16Boudewijn de Groot1965
0%
1895Eight Days A WeekThe Beatles1965
0%
312ElanNightwish2015
0%
899El Condor Pasa (If I Could)Simon & Garfunkel1970
0%
454Eleanor RigbyThe Beatles1966
0%
1967ElevationU22001
0%
1124EloiseBarry Ryan1968
0%
494Empire State Of Mind (Part 2 - Piano Version)Alicia Keys2009
0%
1705Enola GayOrchestral Manoeuvres In The Dark1980
0%
1228EpicFaith No More1989
0%
403EstrangedGuns N' Roses1994
0%
1300Eternal FlameThe Bangles1989
0%
1481Europa (Earth's Cry Heaven's Smile)Santana1976
0%
414Even FlowPearl Jam1991
0%
745EverglowColdplay2015
0%
1752Everlong (Acoustic)Foo Fighters1997
0%
1730Everybody (Backstreet's Back)Backstreet Boys1997
0%
1015Everybody Needs Somebody To LoveBlues Brothers1989
0%
1190Everybody's ChangingKeane2004
0%
807Everybody Wants To Rule The WorldTears for Fears1985
0%
685(Everything I Do) I Do It For YouBryan Adams1991
0%
687Everything NowArcade Fire2017
0%
1276Everytime I Think Of YouThe Babys1979
0%
439Eye In The SkyThe Alan Parsons Project1982
0%
1374FadedAlan Walker2016
0%
241Fade To BlackMetallica1984
0%
1984FairgroundSimply Red1995
0%
1247Fairytale Of New YorkKirsty Maccoll & Pogues1987
0%
1127Fake Plastic TreesRadiohead1995
0%
1686FameDavid Bowie1975
0%
1486Family PortraitP!nk2002
0%
1666Famous Blue RaincoatLeonard Cohen1971
0%
530FantasyEarth, Wind & Fire1978
0%
1268Farewell To The FairgroundWhite Lies2009
0%
919FasterWithin Temptation2011
0%
710Father And SonCat Stevens1971
0%
678Father FigureGeorge Michael1988
0%
1199Father & FriendAlain Clark2008
0%
174Fear Of The DarkIron Maiden1993
0%
649Feel Good Inc.Gorillaz2005
0%
1236Feeling GoodNina Simone1965
0%
1246Feeling GoodMichael Bublé2005
0%
1470Feeling GoodMuse2001
0%
1856Feel Like FlyingRacoon2000
0%
1607Fight For Your Right (To Party)Beastie Boys1986
0%
1604Find The RiverR.E.M.1992
0%
1412Fire And RainJames Taylor1970
0%
1416FirefliesOwl City2009
0%
1330Fire (Live)Bruce Springsteen1986
0%
688Firth Of FifthGenesis1973
0%
834Flink ZijnRobert Long1977
0%
1573Fly Like An EagleSteve Miller Band1976
0%
701Fly Me To The MoonFrank Sinatra1964
0%
1649Follow The SunXavier Rudd2015
0%
809Follow You Follow MeGenesis1978
0%
412Folsom Prison BluesJohnny Cash1968
0%
1548Food For ThoughtUB401983
0%
1806Foolish GamesJewel1997
0%
971Fool To CryThe Rolling Stones1976
0%
1852Forbidden ColoursRyuichi Sakamoto & David Sylvian1984
0%
1031For Bitter Or WorseAnouk2009
0%
1437Forever AutumnJeff Wayne1978
0%
1618Forever ManEric Clapton1985
0%
234FormidableStromae2013
0%
1794For No OneThe Beatles1966
0%
203Fortunate SonCreedence Clearwater Revival1969
0%
865Foto Van VroegerRob De Nijs1980
0%
1086Four Seasons In One DayCrowded House1992
0%
1564Fox On The RunSweet1975
0%
1018Freak On A LeashKorn1998
0%
716Freedom! '90George Michael1990
0%
1148Free Fallin'Tom Petty1989
0%
986Free Fallin' (Live)John Mayer2008
0%
1008Friends Will Be FriendsQueen1986
0%
1095FrozenMadonna1998
0%
1102GaiaValensia1993
0%
1092Galway GirlEd Sheeran2017
0%
963Gangsta's ParadiseCoolio1995
0%
383Geef Mij Je AngstGuus Meeuwis2005
0%
371Geef Mij Je AngstAndré Hazes1983
0%
1352Geen Kind MeerKarin Bloemen1996
0%
1951Georgia On My MindRay Charles1960
0%
1111Get BackThe Beatles1969
0%
1597Get ReadyRare Earth1970
0%
1417Ghost Love ScoreNightwish2004
0%
958Gimme All Your Lovin'ZZ Top1984
0%
1775Girls Just Want To Have FunCyndi Lauper1984
0%
1892Girl You'll Be A Woman SoonNeil Diamond1971
0%
812Give A Little BitSupertramp1977
0%
983Give It AwayRed Hot Chili Peppers1992
0%
1533Give Me LoveEd Sheeran2012
0%
1515Give Up Your GunsThe Buoys1972
0%
1677Gloria (Live)U21983
0%
1167Glory BoxPortishead1994
0%
756Glory DaysBruce Springsteen1985
0%
1432GlycerineBush1994
0%
1537God Save The QueenSex Pistols1979
0%
1523Going To A TownRufus Wainwright2007
0%
603Going To The RunGolden Earring1991
0%
465Golden BrownThe Stranglers1982
0%
1194Golden YearsDavid Bowie1976
0%
748Go Like ElijahChi Coltrane1973
0%
1629Goodbye My LoverJames Blunt2005
0%
1197Goodbye StrangerSupertramp1979
0%
785Good Riddance (Time Of Your Life)Green Day1997
0%
991Go With The FlowQueens Of The Stone Age2003
0%
1464Greatest Love Of AllWhitney Houston1986
0%
1839Green EyesColdplay2002
0%
1703Green Green Grass Of HomeTom Jones1966
0%
1873Grow Old With MeTom Odell2013
0%
1278GuiltyBarbra Streisand & Barry Gibb1980
0%
1391Guitar ManElvis Presley1968
0%
1467Gute Nacht FreundeReinhard Mey1974
0%
728Hald Mich 's VasNeet Oét Lottum2004
0%
1223Hall Of FameThe Script ft. Will.I.Am2012
0%
535Halo Of FliesAlice Cooper1973
0%
508Halt MichHerbert Grönemeyer1988
0%
443Hammer To FallQueen1984
0%
1493Handle With CareTraveling Wilburys1988
0%
979HappierEd Sheeran2017
0%
1414HappinessJonathan Jeremiah2011
0%
1805Harder Better Faster StrongerDaft Punk2001
0%
349Harder Dan Ik Hebben KanBløf1999
0%
1915Hard To HandleThe Black Crowes1990
0%
1595Hart Van Mijn GevoelDe Kast1999
0%
1436HarvestNeil Young1972
0%
1193Harvest MoonNeil Young1991
0%
1792HavanaCamila Cabello2017
0%
1027Have A Little Faith In MeJohn Hiatt1989
0%
579Have I Told You LatelyVan Morrison1989
0%
1928Have You Ever Been MellowParty Animals1996
0%
1232He Ain't Heavy, He's My BrotherThe Hollies1969
0%
1934Heartbreak HotelElvis Presley1956
0%
1598Heartbreak WarfareJohn Mayer2009
0%
1682Heart Of GlassBlondie1979
0%
1530HeathensTwenty One Pilots2016
0%
965Heaven Must Be Missing An AngelTavares1976
0%
1675Heavy CrossGossip2009
0%
1226HedonismSkunk Anansie1997
0%
1365Hemel ValtTyphoon2015
0%
774Here I Go AgainWhitesnake1987
0%
476Het Het Nog Nooit Zo Donker WestEde Staal1984
0%
1426Het Is Koud Zonder JouAndré Hazes1980
0%
1693Het Laatste RondjeAndré Hazes1984
0%
766Het Werd ZomerRob De Nijs1977
0%
1983Hey Boy Hey GirlThe Chemical Brothers1999
0%
446Hey JoeThe Jimi Hendrix Experience1967
0%
1567Hey Ya!OutKast2004
0%
520Hey YouPink Floyd1979
0%
1453Hide In Your ShellSupertramp1974
0%
561Hier Kom Ik WegDaniël Lohues2008
0%
1735Hier Komt De StormFrank Boeijen Groep1988
0%
1959High And DryRadiohead1995
0%
1383High On LifeMartin Garrix2018
0%
1977Hijo De La LunaMecano1990
0%
606Hocus PocusFocus1971
0%
572Holding Back The YearsSimply Red1985
0%
1988Hold On TightSolomon Burke & De Dijk2010
0%
1766HollereerDe Jeugd Van Tegenwoordig2008
0%
1655HomburgProcol Harum1967
0%
1503Home By The SeaGenesis1983
0%
1640HomelessPaul Simon1986
0%
1691HomesickDua Lipa & Chris Martin2017
0%
955Hometown GloryAdele2009
0%
1729HonestyBilly Joel1978
0%
1133Honky Tonk WomenThe Rolling Stones1969
0%
1648Hopeless WandererMumford & Sons2013
0%
1362House For SaleLucifer1975
0%
1803Hou Vol Hou VastBløf2011
0%
1748How Can We Hang On To A DreamTim Hardin1967
0%
1850How Soon Is NowThe Smiths1984
0%
953How You Gonna See Me NowAlice Cooper1979
0%
924How You Remind MeNickelback2001
0%
1457Human TouchBruce Springsteen1992
0%
992Hunger StrikeTemple of the Dog1991
0%
1254Hungry HeartBruce Springsteen1980
0%
1858Hunting High And LowA-Ha1986
0%
769I AloneLive1995
0%
398I Am...I SaidNeil Diamond1971
0%
1825I Can't DanceGenesis1992
0%
1849I Can't Make You Love MeGeorge Michael1997
0%
1883I Can't Make You Love Me (single)Bonnie Raitt1991
0%
616I'd Do Anything For Love (But I Won't Do That)Meat Loaf1993
0%
1955I Don't Wanna HurtAnouk2008
0%
1717I'd Rather Go BlindEtta James1967
0%
680Iederene Hef Een RedenBökkers2016
0%
695I Feel LoveDonna Summer1977
0%
1869If I Could Turn Back TimeCher1989
0%
1549If I Were A BoyBeyoncé2008
0%
1219If You Could See Me NowThe Script2013
0%
1135If You Don't Know Me By NowSimply Red1989
0%
1201If You Tolerate This Your Children Will Be NextManic Street Preachers1998
0%
1580I Got You BabeUB40 & Chrissie Hynde1985
0%
1738I Have NothingWhitney Houston1993
0%
1230I Heard It Through The GrapevineMarvin Gaye1969
0%
1000I Heard It Through The GrapevineCreedence Clearwater Revival1973
0%
946I Just Can't Help Believin'Elvis Presley1971
0%
545Ik Kan Het Niet AlleenDe Dijk1989
0%
1179I Knew You Were Waiting (For Me)George Michael & Aretha Franklin1987
0%
1517I'll Be Over YouToto1986
0%
1726I'll Find My Way HomeJon & Vangelis1982
0%
1742I'll Have To Say I Love You In A SongJim Croce1974
0%
1678I Love You Like I Love MyselfHerman Brood & His Wild Romance1979
0%
1277Il VoloZucchero1996
0%
1565I'm A BelieverThe Monkees1966
0%
1389I'm Going HomeTen Years After1971
0%
1644I'm Going Slightly MadQueen1991
0%
551I'm Not In Love10cc1975
0%
1076I'm Not So ToughIlse DeLange1998
0%
212I'm On FireBruce Springsteen1985
0%
1100In A Gadda Da VidaIron Butterfly1970
0%
1088In A LifetimeClannad & Bono1986
0%
1546In Between DaysThe Cure1985
0%
1406In BloomNirvana1991
0%
1343In DreamsRoy Orbison1963
0%
1980In My BloodShawn Mendes2018
0%
1356In My LifeThe Beatles1965
0%
835In Nije DeiDe Kast1997
0%
333InsomniaFaithless1996
0%
1542In The Army NowStatus Quo1986
0%
607In The BloodJohn Mayer2017
0%
735In The Dutch MountainsNits1987
0%
210In The GhettoElvis Presley1969
0%
1483In These ArmsBon Jovi1993
0%
1799Into TemptationCrowded House1989
0%
1704Into The MysticVan Morrison1970
0%
1982Invisible TouchGenesis1986
0%
1601In Your EyesPeter Gabriel1986
0%
187I Put A Spell On YouCreedence Clearwater Revival1972
0%
1866I Saw Her Standing ThereThe Beatles1963
0%
444I Say A Little PrayerAretha Franklin1968
0%
1070Is Dit AllesDoe Maar1982
0%
767Is Dit Nu LaterStef Bos1990
0%
367I See FireEd Sheeran2014
0%
1755Isn't It TimeThe Babys1977
0%
605Is She Really Going Out With Him? (Live)Joe Jackson1988
0%
1585I Started A JokeBee Gees1969
0%
1773Is This LoveWhitesnake1987
0%
1360Is This LoveBob Marley & The Wailers1979
0%
675I Still CryIlse DeLange2000
0%
1940I SurrenderSaybia2004
0%
1475It Must Have Been LoveRoxette1990
0%
1916It's All Over NowThe Rolling Stones1964
0%
1249It's A Long Way ThereLittle River Band1976
0%
1814It's A Man's Man's Man's WorldJames Brown1966
0%
1651It's A SinPet Shop Boys1987
0%
1771It's Raining AgainSupertramp1982
0%
1540It's Raining MenThe Weather Girls1983
0%
1724It's The End Of The World As We Know ItR.E.M.1987
0%
1524It Was A Very Good YearFrank Sinatra1968
0%
1354I've Got Dreams To RememberOtis Redding1968
0%
1669I've Had The Time Of My LifeBill Medley & Jennifer Warnes1987
0%
1963I've Just Lost SomebodyGolden Earrings1968
0%
1003I Wanna Dance With Somebody (Who Loves Me)Whitney Houston1987
0%
384I Want To Know What Love IsForeigner1984
0%
712I Want YouElvis Costello1986
0%
1646I Want YouBob Dylan1966
0%
1949I Want You BackThe Jackson 51970
0%
1465I Want You To Want MeCheap Trick1979
0%
328I Was Made For Lovin' YouKISS1979
0%
541I Will Follow (live)U21982
0%
873I Will SurviveGloria Gaynor1979
0%
1207I WishStevie Wonder1977
0%
1109I Wish It Would Rain DownPhil Collins1990
0%
1403I Won't Give UpJason Mraz2012
0%
1632I Won't Let You DownPHD1981
0%
996I Would Die 4 UPrince & The Revolution1984
0%
1631Jacob's SongDouwe Bob2016
0%
1870Je Loog Tegen MijDrukwerk1981
0%
356Jesus To A ChildGeorge Michael1996
0%
964Johnny B. GoodeChuck Berry1958
0%
1386JosephineChris Rea1985
0%
1411Jump AroundHouse of Pain1992
0%
1089Jumpin' Jack FlashThe Rolling Stones1968
0%
717JunglelandBruce Springsteen1975
0%
711Just A Little Bit Of Peace In My HeartGolden Earrings1968
0%
1069Just Say YesSnow Patrol2009
0%
1461KalverliefdeRobert Long1974
0%
1094Kan Ik Iets Voor Je Doen?De Dijk2011
0%
1913Karma ChameleonCulture Club1983
0%
296KashmirLed Zeppelin1975
0%
221KayleighMarillion1985
0%
1084Keep On Loving YouREO Speedwagon1981
0%
1960Keep The FaithBon Jovi1992
0%
1387Keep Your Head UpBen Howard2011
0%
452'k Heb Je LiefPaul de Leeuw1997
0%
1489Killing Me SoftlyFugees1996
0%
988Kingston TownUB401990
0%
1971Kissing A FoolGeorge Michael1988
0%
997Knockin' On Heaven's DoorBob Dylan1973
0%
917Knowing Me Knowing YouABBA1977
0%
696Kom TerugSpinvis2012
0%
892KristallnachBAP1983
0%
1793Laat Mij Maar AlleenKlein Orkest1982
0%
1396Lady JaneThe Rolling Stones1966
0%
518La GrangeZZ Top1973
0%
1211L'amour ToujoursGigi D'Agostino2001
0%
775Land Of ConfusionGenesis1986
0%
1664La SolitudineLaura Pausini1993
0%
1075L.A. SongBeth Hart1999
0%
1683Late In The EveningPaul Simon1980
0%
1659Later Als Ik Groter BenBløf2012
0%
977LavenderMarillion1985
0%
1538La Vie En RoseGrace Jones1977
0%
340Layla (Unplugged)Eric Clapton1992
0%
1979Lay Your Weapons DownIlse DeLange2018
0%
622LazarusDavid Bowie2016
0%
1378Learning To FlyTom Petty And The Heartbreakers1991
0%
1871Leave A Light OnTom Walker2018
0%
211Leave The Light OnBeth Hart2004
0%
543Leaving On A JetplaneJohn Denver1969
0%
1647Le FreakChic1978
0%
364Lekker Op De TrekkerMannenkoor Karrespoor1991
0%
850Lemon TreeFools Garden1996
0%
549LeningradBilly Joel1989
0%
1357Les Lacs Du ConnemaraMichel Sardou1982
0%
1534Lessons In LoveLevel 421986
0%
1993Let It GoJames Bay2015
0%
1184Let Love RuleLenny Kravitz1989
0%
1121Let's Go CrazyPrince1984
0%
623Let There Be RockAC/DC1977
0%
1975Liberian GirlMichael Jackson1989
0%
795Liefde Van LaterHerman van Veen1969
0%
816Life's What You Make ItTalk Talk1985
0%
562Like A HurricaneNeil Young1977
0%
609Like The Way I DoMelissa Etheridge1989
0%
1750Liquid Spirit - Claptone Remix (StuBru radio edit)Gregory Porter2015
0%
1050Listen To The MusicThe Doobie Brothers1972
0%
978Little Green BagGeorge Baker Selection1969
0%
629Little LiesFleetwood Mac1987
0%
1718Little Red RoosterThe Rolling Stones1965
0%
1903Little TalksOf Monsters And Men2012
0%
806Little WingThe Jimi Hendrix Experience1967
0%
1499Live ForeverOasis1994
0%
779Liverpool RainRacoon2012
0%
1734Live To TellMadonna1986
0%
1821Living DollCliff Richard & The Young Ones1986
0%
1299Living In Another WorldTalk Talk1986
0%
1371Livin' ThingElectric Light Orchestra1976
0%
1012Locomotive BreathJethro Tull1972
0%
1004Lonely BoyThe Black Keys2011
0%
1164Long As I Can See The LightCreedence Clearwater Revival1970
0%
571Long Blond AnimalGolden Earring1980
0%
1741Long Train RunningThe Doobie Brothers1973
0%
1687Looking Too CloselyFink2014
0%
1463Lookin' Out My Back DoorCreedence Clearwater Revival1970
0%
1973Lost On YouLP2016
0%
1557Love Her MadlyThe Doors1971
0%
734Love HurtsNazareth1976
0%
1338Love Is AllRoger Glover & Guests1975
0%
1932Love Is The DrugRoxy Music1976
0%
984Love Like BloodKilling Joke1985
0%
1097Love Me TenderElvis Presley1956
0%
1832Love Never Felt So GoodMichael Jackson & Justin Timberlake2014
0%
1885Love Of The Common PeoplePaul Young1984
0%
1341Love On The RocksNeil Diamond1980
0%
1638Love On TopBeyoncé2011
0%
1810Love Rears Its Ugly HeadLiving Colour1990
0%
1896Love ShackB-52's1989
0%
1942Love YourselfJustin Bieber2016
0%
1668Lucky ManEmerson, Lake & Palmer1971
0%
969Lucy In The Sky With DiamondsThe Beatles1967
0%
1482LukaSuzanne Vega1987
0%
462Lust For LifeIggy Pop1977
0%
1083Luv U MoreDJ Paul Elstak1995
0%
668Lyin' EyesEagles1975
0%
1054MacArthur ParkDonna Summer1978
0%
1696MacArthur ParkRichard Harris1968
0%
1445Maggie MayRod Stewart1971
0%
447Mag Het Licht UitDe Dijk1987
0%
1710MagnificentU22009
0%
1413Magnificent (She Says)Elbow2016
0%
558Maid Of OrleansOrchestral Manoeuvres In The Dark1982
0%
1385Major Tom (Völlig Losgelöst)Peter Schilling1983
0%
1558Make It Wit ChuQueens Of The Stone Age2008
0%
1314Make Me Smile (Come Up And See Me)Steve Harley & Cockney Rebel1975
0%
1673Man DownRihanna2011
0%
1808MandyBarry Manilow1974
0%
1454Mannish BoyMuddy Waters1988
0%
931MarianThe Cats1969
0%
1575Mary Jane's Last DanceTom Petty And The Heartbreakers1993
0%
1289MassachusettsBee Gees1967
0%
1732Master Blaster (Jammin')Stevie Wonder1980
0%
1257MaxPaolo Conte1988
0%
1723Maybe TomorrowStereophonics2003
0%
1657Meer Dan Een AnderVan Dik Hout1994
0%
1921Meeting Across The RiverBruce Springsteen1975
0%
1767Me Gustas TuManu Chao2001
0%
1323MemoriesEarth & Fire1972
0%
770MemoriesMaroon 52019
0%
1143MemoryBarbra Streisand1982
0%
1399Memory RemainsMetallica1997
0%
1073Mercedes BenzJanis Joplin1970
0%
1760Merry Xmas EverybodySlade1973
0%
1033Message To My GirlSplit Enz1984
0%
1790Met Hart en ZielTröckener Kecks1990
0%
1393MiaGorki1992
0%
513MichelAnouk2000
0%
1114MichelleThe Beatles1966
0%
1547Midnight RamblerThe Rolling Stones1969
0%
1320Midnight Train To GeorgiaGladys Knight & The Pips1973
0%
1637Mijn Van Straat Geredde RoosDe Dijk2008
0%
1363Mijn Vlakke LandJacques Brel1965
0%
1505MMm MMm MMm MMmCrash Test Dummies1993
0%
1688Modern WorldAnouk2008
0%
1765Monday MondayThe Mamas & The Papas1966
0%
1707Monkey Gone To HeavenPixies1989
0%
1526Mooi LiedjeAcda & De Munnik1997
0%
1263MoondanceVan Morrison1970
0%
908Moonlight ShadowMike Oldfield & Maggie Reilly1983
0%
1617Moon Over Bourbon StreetSting1985
0%
1700More Than A WomanBee Gees1977
0%
285Mother EarthWithin Temptation2002
0%
881Motorcycle EmptinessManic Street Preachers1992
0%
1902Move On UpCurtis Mayfield1970
0%
943Mr. JonesCounting Crows1994
0%
1943Mr Rock & RollAmy Macdonald2008
0%
1840Mr. Tambourine ManThe Byrds1965
0%
1157Mull Of KintyrePaul McCartney & Wings1977
0%
1337MushangaToto1988
0%
909Musica EEros Ramazzotti1989
0%
534MutterRammstein2001
0%
1415My Baby Just Cares For MeNina Simone1987
0%
604My BoyElvis Presley1975
0%
1347My GenerationThe Who1965
0%
450My HometownBruce Springsteen1986
0%
1754My Name IsEminem1999
0%
929My Silver LiningFirst Aid Kit2014
0%
1893Mysterious WaysU21991
0%
1188My Sweet LordGeorge Harrison1970
0%
1779NathalieGilbert Becaud1964
0%
471NaturalImagine Dragons2018
0%
1101'N Beetje VerliefdAndré Hazes1981
0%
1576Need You NowLady Antebellum2010
0%
808Need Your Love So BadFleetwood Mac1968
0%
415Ne Me Quitte PasJacques Brel1959
0%
1061Nergens Goed VoorDe Dijk1989
0%
1376NescioNits1983
0%
721Never Be CleverHerman Brood & His Wild Romance1979
0%
761Never Tear Us ApartINXS1988
0%
1020New Gold DreamSimple Minds1982
0%
686New Kid In TownEagles1977
0%
1051New LightJohn Mayer2018
0%
431New Year's DayU21983
0%
1627New York MinuteDon Henley1989
0%
1112New York State Of MindBilly Joel1976
0%
1440NightporterJapan1980
0%
128Nights In White SatinThe Moody Blues1968
0%
1498Nights On BroadwayBee Gees1975
0%
648NightswimmingR.E.M.1992
0%
1110Nine Million BicyclesKatie Melua2005
0%
1740No DiggityBlackstreet ft. Dr Dre1996
0%
1689No Good In GoodbyeThe Script2014
0%
1364No Good (Start The Dance)The Prodigy1994
0%
901No More TearsOzzy Osbourne1990
0%
813Non Je Ne Regrette RienÉdith Piaf1961
0%
1063Non Non Rien N'A ChangeLes Poppys1971
0%
1994No RainBlind Melon1993
0%
838Norwegian WoodThe Beatles1965
0%
1827No Son Of MineGenesis1991
0%
895No SurprisesRadiohead1997
0%
1878No SurrenderBruce Springsteen1984
0%
719Not An AddictK's Choice1996
0%
1935Nothing Breaks Like A HeartMark Ronson & Miley Cyrus2018
0%
1853Nothing Really MattersMr. Probz2014
0%
772Nothing RhymedGilbert O'Sullivan1971
0%
1450N'Oubliez JamaisJoe Cocker1997
0%
1838Novocaine For The SoulEels1996
0%
339No Woman No Cry (live)Bob Marley & The Wailers1975
0%
1605Nur GetraumtNena1983
0%
1270Nutbush City LimitsIke & Tina Turner1974
0%
1429'n VriendAndré Hazes1980
0%
1308Ode To My FamilyThe Cranberries1994
0%
1410Off The WallMichael Jackson1979
0%
1390Oh, Pretty WomanRoy Orbison1964
0%
1068Oh Well (Part I)Fleetwood Mac1969
0%
235Old ManNeil Young1972
0%
666Once In A LifetimeTalking Heads1981
0%
869Once Upon A Time In The WestEnnio Morricone1976
0%
1023OnderuitDe Dijk1987
0%
1861One KissCalvin Harris & Dua Lipa2018
0%
1369One Love - People Get ReadyBob Marley & The Wailers1984
0%
1525One Moment In TimeWhitney Houston1988
0%
888One Of UsABBA1981
0%
966On Every StreetDire Straits1991
0%
911One VisionQueen1985
0%
930One WordAnouk2005
0%
950Only TimeEnya2000
0%
1709On The BorderAl Stewart1977
0%
473Op 't PlattelandDaniël Lohues2014
0%
1522Ordinary PeopleJohn Legend2005
0%
938Ordinary WorldDuran Duran1993
0%
1904Original SinINXS1984
0%
1141Orinoco Flow (Sail Away)Enya1988
0%
601OthersideRed Hot Chili Peppers2000
0%
872Our HouseMadness1982
0%
528Our HouseCrosby, Stills, Nash & Young1970
0%
1844Out In The FieldsGary Moore & Phil Lynott1985
0%
1552Outlaw In 'EmWaylon2018
0%
1586Out Of SpaceThe Prodigy1993
0%
1273Overture (Tommy)The Who1969
0%
747Owner Of A Lonely HeartYes1983
0%
1490Oxygene IVJean Michel Jarre1977
0%
1628Pain And MyseryThe Teskey Brothers2019
0%
1056Pak Maar M'n HandNick & Simon2007
0%
1891Papa Can You Hear Me?Barbra Streisand1983
0%
573Papa Was A Rolling StoneThe Temptations1972
0%
1886Peaceful Easy Feelin'Eagles1972
0%
874People Are StrangeThe Doors1967
0%
1208Perhaps LoveJohn Denver & Placido Domingo1981
0%
970Peter Gunn ThemeEmerson, Lake & Palmer1980
0%
1322Phantom Of The OperaFloor Jansen & Henk Poort2019
0%
912Pinball WizardThe Who1969
0%
990PlushStone Temple Pilots1993
0%
405PoisonAlice Cooper1989
0%
1583PollyNirvana1991
0%
1002PorcelainMoby1999
0%
700Prachtig Mooie DagDaniël Lohues2011
0%
1874Praise YouFatboy Slim1998
0%
1222Praying For TimeGeorge Michael1990
0%
1781Pretty Fly (For A White Guy)Offspring1999
0%
1178Pride And JoyStevie Ray Vaughan1983
0%
231Pride (In The Name Of Love)U21984
0%
1545PrikkebeenBoudewijn de Groot1968
0%
1865Promises Of No Man's LandBlaudzun2014
0%
1521ProostenGuus Meeuwis2007
0%
1388Pumped Up KicksFoster The People2011
0%
1448Pure MorningPlacebo1998
0%
1698P.Y.T. (Pretty Young Thing)Michael Jackson1984
0%
940QuestionThe Moody Blues1970
0%
386Rainbow In The SkyDJ Paul Elstak1995
0%
1046Rain Down On MeKane2002
0%
1255Raise Your GlassP!nk2010
0%
1898Rape MeNirvana1993
0%
1296Rapper's DelightThe Sugarhill Gang1979
0%
773Real MenJoe Jackson1982
0%
1652RearviewmirrorPearl Jam1993
0%
650Rebel RebelDavid Bowie1974
0%
369Redemption SongBob Marley & The Wailers1980
0%
1937Red Mij NietMaarten van Roozendaal2001
0%
670Red Red WineUB401983
0%
1630RelaxFrankie Goes to Hollywood1984
0%
1578Relight My FireDan Hartman1980
0%
1334RemedyThe Black Crowes1992
0%
804ResistanceMuse2009
0%
634Rhiannon (Will You Ever Win)Fleetwood Mac1976
0%
1857Rhythm Is A DancerSnap!1992
0%
652RiddlesKensington2015
0%
1395Right Next Door (Because Of Me)The Robert Cray Band1987
0%
1941RiversideAgnes Obel2011
0%
1619Rivers Of BabylonBoney M.1978
0%
1166Roadhouse BluesThe Doors1970
0%
1059Road To NowhereTalking Heads1985
0%
904Road Trippin'Red Hot Chili Peppers2000
0%
1563Rock And RollLed Zeppelin1971
0%
1170Rockin' All Over The WorldStatus Quo1977
0%
393Rockin' In The Free WorldNeil Young1989
0%
1706Rock With YouMichael Jackson1979
0%
631Roll Over Lay Down (Live)Status Quo1975
0%
361Romeo And JulietDire Straits1980
0%
1769RoosterAlice in Chains1992
0%
1763RosalynVitesse1982
0%
1616RosieClaw Boys Claw1992
0%
1307RoundaboutYes1972
0%
1930Round HereCounting Crows1993
0%
1924RubyKaiser Chiefs2007
0%
1078Ruby TuesdayThe Rolling Stones1967
0%
1266R U Kiddin' MeAnouk1999
0%
1377Rumour Has ItAdele2011
0%
936Running To Stand StillU21987
0%
677Runnin' With The DevilVan Halen1980
0%
1602Run The World (Girls)Beyoncé2011
0%
255Run To The HillsIron Maiden1982
0%
1491Run To The WaterLive2000
0%
906RussiansSting1985
0%
273Ruthless QueenKayak1979
0%
827SabotageBeastie Boys1994
0%
1905SacrificeAnouk1998
0%
483Sad But TrueMetallica1992
0%
1968SadenessEnigma1990
0%
219Sad Man's TongueVolbeat2007
0%
824Sailing To PhiladelphiaMark Knopfler2000
0%
436Samba Pa TiSantana1970
0%
1654SandstormDarude2001
0%
1496San Francisco (Be Sure To Wear Some Flowers In Your Hair)Scott McKenzie1967
0%
1122San QuentinJohnny Cash1969
0%
1978Sausolito SummernightDiesel1980
0%
1353Save A PrayerDuran Duran1985
0%
1067Save MeQueen1980
0%
1153Scarborough FairSimon & Garfunkel1966
0%
1209Scarlet RibbonsThe Cats1969
0%
586Scar TissueRed Hot Chili Peppers1999
0%
768SebastianCockney Rebel1973
0%
1665Secret GardenBruce Springsteen1995
0%
1944See Emily PlayPink Floyd1967
0%
1239See Me, Feel MeThe Who1970
0%
846Self EsteemOffspring1995
0%
1177Send Me An AngelScorpions1991
0%
1030September Morn'Neil Diamond1979
0%
1964Set The Fire To The Third BarSnow Patrol ft. Martha Wainwright2006
0%
1529Seven WondersFleetwood Mac1987
0%
1745Sex MachineJames Brown1970
0%
957Sgt. Pepper’s Lonely Hearts Club BandThe Beatles1967
0%
844Sharp Dressed ManZZ Top1985
0%
1017She Flies On Strange WingsGolden Earring1971
0%
256She's Always A WomanBilly Joel1978
0%
783She's A RainbowThe Rolling Stones1967
0%
253She Sells SanctuaryThe Cult1986
0%
1507She's Leaving HomeThe Beatles1967
0%
495She's Not ThereSantana1978
0%
1621She's The OneRobbie Williams1999
0%
22Shine On You Crazy Diamond (Pts. 1-5)Pink Floyd1975
0%
1855Ship To WreckFlorence + The Machine2015
0%
945ShotgunGeorge Ezra2018
0%
1224ShoutTears for Fears1985
0%
1888Show Me The WayPeter Frampton1976
0%
693Sign O'The TimesPrince1987
0%
1679Silence (Tiesto Mix)Delerium ft. Sarah McLachlan1997
0%
323Silent LucidityQueensrÿche1991
0%
1052Since I’ve Been Loving YouLed Zeppelin1970
0%
1572Sing For AbsolutionMuse2003
0%
1520Single Ladies (put a ring on it)Beyoncé2008
0%
1402Sir DukeStevie Wonder1977
0%
1342Sky And SandPaul Kalkbrenner2008
0%
1990Slaap Zacht ElisabethAcda & De Munnik1998
0%
1497Slapeloze NachtenThe Opposites2013
0%
556Slippery People (Live)Talking Heads1985
0%
1328Sloop John BThe Beach Boys1966
0%
757Smack My Bitch UpThe Prodigy1997
0%
980Smalltown BoyBronski Beat1984
0%
153Smoke On The WaterDeep Purple1973
0%
1028SmoorverliefdDoe Maar1981
0%
1077Smooth OperatorSade1984
0%
1210So Far AwayDire Straits1985
0%
1938Solitary ManJohnny Cash2000
0%
703So LongFischer-Z1980
0%
676So Long MarianneLeonard Cohen1968
0%
79Somebody To Love (Live)George Michael & Queen1993
0%
1292Somebody Will Know SomedayCuby & The Blizzards1967
0%
1256Someone Somewhere In SummertimeSimple Minds1982
0%
1643Something Happened On The Way To HeavenPhil Collins1990
0%
1570(Something Inside) So StrongLabi Siffre1987
0%
511Sometimes It Snows In AprilPrince & The Revolution1986
0%
1797Sometimes You Can't Make It On Your OwnU22004
0%
1721Song Sung BlueNeil Diamond1972
0%
871Son Of A Preacher ManDusty Springfield1968
0%
1504Sorry Seems To Be The Hardest WordElton John1976
0%
1384S.O.S.ABBA1975
0%
823Sound And VisionDavid Bowie1977
0%
1809Sound Of The Screaming DayGolden Earrings1967
0%
1948Southern ManNeil Young1970
0%
1473Sowing The Seeds Of LoveTears for Fears1989
0%
1639Spanish StrollMink DeVille1977
0%
1242Speed Of SoundColdplay2005
0%
1169SpeeltuinMarco Borsato1998
0%
1479Spicks And SpecksBee Gees1967
0%
1198Spirit Of RadioRush1980
0%
880Spread Your WingsQueen1978
0%
379StanEminem & Dido2000
0%
856Stand By MeBen E. King1987
0%
799Stand My GroundWithin Temptation2004
0%
1610StarsSimply Red1991
0%
1600Stay With MeSam Smith2014
0%
1568Still BelieveHerman Brood & His Wild Romance1978
0%
1981Still Crazy After All These YearsPaul Simon1975
0%
257Still Got The BluesGary Moore1990
0%
552Still Loving YouScorpions1987
0%
1181Stir It Up (live)Bob Marley & The Wailers1979
0%
408Stop Loving YouToto1988
0%
1186Storm And ThunderEarth & Fire1971
0%
1615Stranger In MoscowMichael Jackson1996
0%
1313Streets Of LondonRalph McTell1972
0%
186Street Spirit (Fade Out)Radiohead1994
0%
570StrongLondon Grammar2014
0%
1581Stuck In A Moment You Can't Get Out OfU22000
0%
1252Stuck In The Middle With YouStealers Wheel1973
0%
479Such A ShameTalk Talk1984
0%
2000Suite: Judy Blue EyesCrosby, Stills & Nash1969
0%
1536SummertimeBrainbox1969
0%
1492SummertimeElla Fitzgerald & Louis Armstrong1958
0%
1736Sunny AfternoonThe Kinks1966
0%
1152Sunny DaysArmin van Buuren ft. Josh Cumbee2017
0%
1768SunriseSimply Red2003
0%
1667SunriseNorah Jones2004
0%
1612Sunshine Of Your LoveCream1968
0%
1172Supermarket FlowersEd Sheeran2017
0%
1514Sure Know SomethingKISS1979
0%
111Suspicious MindsElvis Presley1969
0%
959Suzie Q (part 1)Creedence Clearwater Revival1968
0%
1798Sweet DispositionThe Temper Trap2010
0%
1899Sweet JaneLou Reed1974
0%
1788SylviaFocus1972
0%
1609Sylvia's MotherDr Hook & The Medicine Show1972
0%
1058Tainted LoveSoft Cell1981
0%
805Take A Chance On MeABBA1977
0%
1298Take FiveDave Brubeck Quartet1962
0%
372Take It EasyEagles1972
0%
1672Take It To The LimitEagles1975
0%
740Take The Long Way HomeSupertramp1979
0%
891Take This WaltzLeonard Cohen1988
0%
1253't Dondert En 't BliksemtGuus Meeuwis1998
0%
698Teach Your ChildrenCrosby, Stills, Nash & Young1970
0%
641TeardropMassive Attack1998
0%
1876TeardropsWomack & Womack1988
0%
972Tears Dry On Their OwnAmy Winehouse2007
0%
1906Tears In The MorningThe Beach Boys1970
0%
1519Tell HimCéline Dion & Barbra Streisand1997
0%
1452Tennessee WhiskeyChris Stapleton2015
0%
967Tequila SunriseEagles1973
0%
1945Terug Naar De KustMaggie Macneal1976
0%
197TestamentBoudewijn de Groot1967
0%
1234Thank God I'm A Country BoyJohn Denver1975
0%
1043Thank God It's ChristmasQueen1984
0%
416Thank You For The MusicABBA1978
0%
889That's LifeFrank Sinatra1966
0%
1830That Was YesterdayForeigner1985
0%
1282The Air That I BreatheThe Hollies1974
0%
1751The Ballroom BlitzSweet1973
0%
1954The Blower's DaughterDamien Rice2005
0%
1929The Book Of LoveGavin James2015
0%
1225The Boys Are Back In TownThin Lizzy1976
0%
1367The CrossPrince1987
0%
1926The Day After TomorrowSaybia2002
0%
317The Day Before You CameABBA1982
0%
1151The Dolphin's CryLive1999
0%
1764The Drugs Don't WorkThe Verve1997
0%
1099The Eve Of The WarJeff Wayne1978
0%
1566The Eyes Of JennySandy Coast1981
0%
949The Family TreeVenice1999
0%
1455The First Time Ever I Saw Your FaceRoberta Flack1972
0%
857The Fool On The HillThe Beatles1967
0%
1787The Invisible ManQueen1989
0%
1749The Jean GenieDavid Bowie1973
0%
1714The JokerSteve Miller Band1973
0%
860The Lady In RedChris de Burgh1986
0%
1462The Life I LiveQ651966
0%
1251The Living YearsMike & The Mechanics1989
0%
286The Logical SongSupertramp1979
0%
321The Man Who Sold The World (unplugged)Nirvana1994
0%
316The Man With The Child In His EyesKate Bush1978
0%
1571Theme From 'Harry's Game'Clannad1983
0%
1995Theme From 'Mahogany'Diana Ross1976
0%
1310Theme From 'New York New York'Frank Sinatra1980
0%
1439The Name Of The GameABBA1977
0%
1329The Next EpisodeDr. Dre ft. Snoop Dogg2000
0%
1215The One I LoveR.E.M.1991
0%
754The PassengerIggy Pop1976
0%
1312The Promise You MadeCock Robin1986
0%
1302The ReflexDuran Duran1984
0%
820There Is a Light That Never Goes OutThe Smiths1986
0%
1789There Must Be An Angel (Playing With My Heart)Eurythmics1985
0%
1574The Road Ahead (Miles Of The Unknown)City To City1999
0%
1961The Road To MandalayRobbie Williams2001
0%
1349The Saints Are ComingU2 & Green Day2006
0%
252These Are The Days Of Our LivesQueen1991
0%
1890These DaysFoo Fighters2011
0%
1213The Thrill Is GoneB.B. King1969
0%
1034The Times They Are A-Changin'Bob Dylan1964
0%
697The Turn Of A Friendly CardThe Alan Parsons Project1980
0%
171The Unforgettable FireU21984
0%
225The UnforgivenMetallica1991
0%
753The Unforgiven IIMetallica1997
0%
1128The Unforgiven IIIMetallica2008
0%
1860The Wall Street Shuffle10cc1974
0%
1435The Way It IsBruce Hornsby & The Range1986
0%
1900The Way We WereBarbra Streisand1973
0%
784The WeightThe Band1968
0%
366The Whole Of The MoonThe Waterboys1986
0%
1864The Wild PlacesDuncan Browne1979
0%
1126The Wild RoverThe Dubliners1964
0%
922The Wind Cries MaryThe Jimi Hendrix Experience1967
0%
1451The WorkerFischer-Z1979
0%
654They Don't Care About UsMichael Jackson1996
0%
1897(They Long To Be) Close To YouCarpenters1970
0%
1881Things We Lost In The FireBastille2013
0%
619Think (Blues Brothers Version)Aretha Franklin1980
0%
956Thinking Of A PlaceThe War On Drugs2017
0%
1163This Is Not AmericaDavid Bowie & Pat Metheny Group1985
0%
864This Is The LifeAmy Macdonald2008
0%
368This Is What It Feels LikeArmin van Buuren ft.Trevor Guthrie2013
0%
1240Three Days In A RowAnouk2009
0%
708Through The BarricadesSpandau Ballet1986
0%
885Tie Your Mother DownQueen1977
0%
1711Time After TimeCyndi Lauper1984
0%
432Time In A BottleJim Croce1972
0%
1641Time Is On My SideThe Rolling Stones1965
0%
830Time Is Running OutMuse2003
0%
1373Times Are ChangingDi-rect2009
0%
1551Times Were WhenThe Cats1968
0%
752Tinseltown In The RainThe Blue Nile1984
0%
1908To Love SomebodyBee Gees1967
0%
1221Tom Traubert's Blues (Waltzing Mathilda)Tom Waits1976
0%
506Tonight (Live)David Bowie & Tina Turner1988
0%
1778Tonight, TonightThe Smashing Pumpkins1995
0%
1156Too Much Love Will Kill YouBrian May1992
0%
1071Top Of The WorldCarpenters1973
0%
481Total Eclipse Of The HeartBonnie Tyler1983
0%
1468Touch MeThe Doors1969
0%
402Tougher Than The RestBruce Springsteen1987
0%
1636Tous Les MemesStromae2013
0%
1919ToverenHerman van Veen1987
0%
1161TrafficTiësto2003
0%
1324TragedyBee Gees1979
0%
787Trapped (Live)Bruce Springsteen1985
0%
565TributeTenacious D2003
0%
250TroySinead O'Connor1987
0%
1136True ColorsCyndi Lauper1986
0%
591TryP!nk2012
0%
1834Try A Little TendernessOtis Redding1966
0%
819Tubular BellsMike Oldfield1974
0%
1361Tuesday AfternoonThe Moody Blues1968
0%
1923Tumble And FallJohan2001
0%
730Tunnel Of LoveDire Straits1980
0%
557TuskFleetwood Mac1979
0%
1823Twist In My SobrietyTanita Tikaram1988
0%
1650Two TribesFrankie Goes to Hollywood1984
0%
1720Unbeschreiblich WeiblichNina Hagen1979
0%
1394Uncertain SmileThe The1984
0%
810Unchain My HeartJoe Cocker1987
0%
1722UnchartedKensington2019
0%
1599Under My ThumbThe Rolling Stones1966
0%
400Une Belle HistoireMichel Fugain1972
0%
1283Une Belle Histoire/Een Mooi VerhaalAlderliefste & Paul de Leeuw2006
0%
519Unfinished SympathyMassive Attack1991
0%
1559UninvitedAlanis Morissette1999
0%
1936Up Around The BendCreedence Clearwater Revival1970
0%
1845Up & UpColdplay2016
0%
1733Up Where We BelongJoe Cocker & Jennifer Warnes1982
0%
584Us And ThemPink Floyd1973
0%
1634Ventura HighwayAmerica1972
0%
1264Verdammt Ich Lieb' DichMatthias Reim1990
0%
202VincentDon McLean1972
0%
1999Violet HillColdplay2008
0%
1762Virtual InsanityJamiroquai1996
0%
525Vivo Per LeiAndrea Bocelli & Giorgia1996
0%
1466Vlieg Met Me Mee (Live)Paul de Leeuw1992
0%
1303Vluchten Kan Niet MeerFrans Halsema & Jenny Arean1977
0%
1425Voltooid Verleden TijdIs Ook Schitterend!1997
0%
859Voodoo Child (Slight Return)The Jimi Hendrix Experience1968
0%
921Waiting On A FriendThe Rolling Stones1981
0%
1185Walking In MemphisMarc Cohn1991
0%
1229Walking On The MoonThe Police1979
0%
749Walk On The Wild SideLou Reed1973
0%
1066WannabeSpice Girls1996
0%
1699Wanna Be Startin' Somethin'Michael Jackson1983
0%
1117Wanted (Dead Or Alive)Bon Jovi1987
0%
1819Wasted TimeEagles1976
0%
798WaterfrontSimple Minds1983
0%
1592Waterloo SunsetThe Kinks1967
0%
1998Water Of LoveDire Straits1978
0%
1811Way Down We GoKaleo2016
0%
879WeakSkunk Anansie1995
0%
1487We All Stand TogetherPaul McCartney & Frog Chorus1985
0%
1743We Are The WorldUSA for Africa1985
0%
1441Weather With YouCrowded House1991
0%
1884We Belong To The NightEllen Foley1979
0%
1868We Can Work It OutThe Beatles1965
0%
1608We Come 1Faithless2001
0%
1976We Don't Need Another HeroTina Turner1985
0%
1695Weekend LoveGolden Earring1979
0%
490Welterusten, Mijnheer De PresidentBoudewijn de Groot1966
0%
1835Wer BistoTwarres2000
0%
1026Wereld Zonder JouMarco Borsato & Trijntje Oosterhuis1997
0%
1801West End GirlsPet Shop Boys1986
0%
1502What A Fool BelievesThe Doobie Brothers1978
0%
644Whatever It TakesImagine Dragons2017
0%
599Whatever You WantStatus Quo1979
0%
803What It IsMark Knopfler2000
0%
512What's Going OnMarvin Gaye1971
0%
1626What's Love Got To Do With ItTina Turner1984
0%
960What's Up4 Non Blondes1993
0%
1728When A Man Loves A WomanPercy Sledge1966
0%
347When Doves CryPrince & The Revolution1984
0%
1469When I Come AroundGreen Day1995
0%
1248When I'm Sixty-FourThe Beatles1967
0%
1382When I Was Your ManBruno Mars2013
0%
1123When Love Comes To TownU2 & BB King1989
0%
1512When You Say Nothing At AllRonan Keating1999
0%
470Where Did You Sleep Last Night (unplugged)Nirvana1994
0%
1879Where Do You Go To My LovelyPeter Sarstedt1969
0%
718Where The Wild Roses GrowNick Cave & Kylie Minogue1995
0%
192While My Guitar Gently WeepsThe Beatles1968
0%
351Whiskey In The JarMetallica1998
0%
1029Whisky In The JarThin Lizzy1973
0%
166Whole Lotta LoveLed Zeppelin1969
0%
499Who'll Stop The RainCreedence Clearwater Revival1970
0%
1555Why Can't This Be LoveVan Halen1987
0%
1245Why Does My Heart Feel So BadMoby1999
0%
1511Why Don't You Do Right?Beth Hart & Joe Bonamassa2018
0%
1130Why WorryDire Straits1995
0%
486Wild HorsesThe Rolling Stones1971
0%
875Wild is the WindDavid Bowie1976
0%
1701Will You Be ThereMichael Jackson1993
0%
338Window Of My EyesCuby & The Blizzards1968
0%
1991Winter In HamburgFrank Boeijen Groep1987
0%
1697Witchy WomanEagles1972
0%
933Without MeEminem2002
0%
1837Woman From TokyoDeep Purple1973
0%
993Woman In ChainsTears for Fears1989
0%
1115Woman In LoveBarbra Streisand1980
0%
575Wonderful DaysCharly Lownoise & Mental Theo1995
0%
1713Wonderful LifeBlack1987
0%
461Wonderful TonightEric Clapton1977
0%
1139WordsBee Gees1968
0%
1623Working Class HeroJohn Lennon1970
0%
1405Working On A DreamBruce Springsteen2008
0%
1777World Gone MadBastille2017
0%
274Worn Down PianoThe Mark & Clark Band1977
0%
1862Wouldn't It Be NiceThe Beach Boys1966
0%
713WrongNovastar1999
0%
140Wuthering HeightsKate Bush1978
0%
656Year Of The CatAl Stewart1977
0%
916Yesterday When I Was YoungCharles Aznavour1970
0%
1780You Ain't Seen Nothing YetBachman-Turner Overdrive1974
0%
1080You Can't Hurry LovePhil Collins1982
0%
1986You Don't Bring Me FlowersNeil Diamond & Barbra Streisand1978
0%
1272You Don't Fool MeQueen1996
0%
801You Do Something To MePaul Weller1995
0%
855You Give Love A Bad NameBon Jovi1986
0%
1795You Got ItRoy Orbison1989
0%
1494You Have Been LovedGeorge Michael1997
0%
781You Know I'm No GoodAmy Winehouse2007
0%
1889You Make Lovin' FunFleetwood Mac1978
0%
448(You Make Me Feel Like A) Natural WomanAretha Franklin1967
0%
1528Youngblood5 Seconds Of Summer2018
0%
1952Younger DaysThe Fatal Flowers1987
0%
1281You Oughta KnowAlanis Morissette1996
0%
942You're So VainCarly Simon1973
0%
1477(You're) The Devil In DisguiseElvis Presley1963
0%
974You're The First, The Last, My EverythingBarry White1974
0%
1137You're The VoiceJohn Farnham1987
0%
1037Your Latest TrickDire Straits1985
0%
1910Yours Is No DisgraceYes1971
0%
1090You sayLauren Daigle2019
0%
381You Shook Me All Night LongAC/DC1980
0%
1047You Took The Words Right Out Of My MouthMeat Loaf1979
0%
1162You've Got A FriendJames Taylor1971
0%
968You've Got A FriendCarole King1971
0%
793You Want It DarkerLeonard Cohen2016
0%
1818You Win AgainBee Gees1987
0%
932ZandloperTyphoon2014
0%
445Zeg Maar Niets MeerAndré Hazes1982
0%
985Ziggy StardustDavid Bowie1972
0%
514Zonder JouPaul de Leeuw & Simone Kleinsma1995
0%

Score Distribution

Percentile by Number Answered

Percent of People with Each Score

Your Score History

You have not taken this quiz